<?xml version="1.0" encoding="UTF-8"?>
<collection xmlns="http://www.loc.gov/MARC21/slim">
 <record>
  <leader>34583nai a22031817i 4500</leader>
  <controlfield tag="001">000695734</controlfield>
  <controlfield tag="003">CZ-PrVSE</controlfield>
  <controlfield tag="005">20240906140311.0</controlfield>
  <controlfield tag="007">ta</controlfield>
  <controlfield tag="008">040920c19979999xr gr-p rpp   0   a0cze d</controlfield>
  <datafield tag="015" ind1=" " ind2=" ">
   <subfield code="a">cnb001416766</subfield>
   <subfield code="z">cnb003256558</subfield>
   <subfield code="z">cnb003478555</subfield>
  </datafield>
  <datafield tag="035" ind1=" " ind2=" ">
   <subfield code="a">(OCoLC)1226361533</subfield>
  </datafield>
  <datafield tag="035" ind1=" " ind2=" ">
   <subfield code="a">(OCoLC)39317242</subfield>
  </datafield>
  <datafield tag="040" ind1=" " ind2=" ">
   <subfield code="a">ABA001</subfield>
   <subfield code="b">cze</subfield>
   <subfield code="c">ABA006</subfield>
   <subfield code="d">OLA001</subfield>
   <subfield code="d">ABA006</subfield>
   <subfield code="e">rda</subfield>
  </datafield>
  <datafield tag="072" ind1=" " ind2="7">
   <subfield code="a">336.1/.5</subfield>
   <subfield code="x">Veřejné finance</subfield>
   <subfield code="2">Konspekt</subfield>
   <subfield code="9">4</subfield>
  </datafield>
  <datafield tag="072" ind1=" " ind2="9">
   <subfield code="a">336</subfield>
   <subfield code="x">Public finance</subfield>
   <subfield code="2">Conspectus</subfield>
   <subfield code="9">4</subfield>
  </datafield>
  <datafield tag="080" ind1=" " ind2=" ">
   <subfield code="a">336.22</subfield>
   <subfield code="2">MRF_2014</subfield>
  </datafield>
  <datafield tag="080" ind1=" " ind2=" ">
   <subfield code="a">351.72</subfield>
   <subfield code="2">MRF_2014</subfield>
  </datafield>
  <datafield tag="080" ind1=" " ind2=" ">
   <subfield code="a">336.221.4</subfield>
   <subfield code="2">MRF_2003</subfield>
  </datafield>
  <datafield tag="080" ind1=" " ind2=" ">
   <subfield code="a">336.225</subfield>
   <subfield code="2">MRF_2003</subfield>
  </datafield>
  <datafield tag="080" ind1=" " ind2=" ">
   <subfield code="a">336.226.1</subfield>
   <subfield code="2">MRF_2003</subfield>
  </datafield>
  <datafield tag="080" ind1=" " ind2=" ">
   <subfield code="a">364.3</subfield>
   <subfield code="2">MRF_2003</subfield>
  </datafield>
  <datafield tag="080" ind1=" " ind2=" ">
   <subfield code="a">336.226.322</subfield>
   <subfield code="2">MRF_2014</subfield>
  </datafield>
  <datafield tag="080" ind1=" " ind2=" ">
   <subfield code="a">(437.3)</subfield>
   <subfield code="2">MRF_2003</subfield>
  </datafield>
  <datafield tag="080" ind1=" " ind2=" ">
   <subfield code="a">(075)</subfield>
   <subfield code="2">MRF_2003</subfield>
  </datafield>
  <datafield tag="099" ind1=" " ind2="9">
   <subfield code="a">336.2VAN</subfield>
  </datafield>
  <datafield tag="100" ind1="1" ind2=" ">
   <subfield code="a">Vančurová, Alena,</subfield>
   <subfield code="d">1957-</subfield>
   <subfield code="7">jn20000807015</subfield>
   <subfield code="4">aut</subfield>
  </datafield>
  <datafield tag="245" ind1="1" ind2="0">
   <subfield code="a">Daňový systém ČR /</subfield>
   <subfield code="c">Alena Vančurová, Lenka Láchová</subfield>
  </datafield>
  <datafield tag="246" ind1="1" ind2="8">
   <subfield code="a">Daňový systém</subfield>
  </datafield>
  <datafield tag="247" ind1="1" ind2="0">
   <subfield code="a">Daňový systém ČR, aneb, Učebnice daňového práva</subfield>
   <subfield code="f">1997, 1998</subfield>
  </datafield>
  <datafield tag="264" ind1=" " ind2="1">
   <subfield code="a">V Praze :</subfield>
   <subfield code="b">1. VOX,</subfield>
   <subfield code="c">[1997]-</subfield>
  </datafield>
  <datafield tag="264" ind1="3" ind2="1">
   <subfield code="3">2020-</subfield>
   <subfield code="a">Praha :</subfield>
   <subfield code="b">Wolters Kluwer ČR</subfield>
  </datafield>
  <datafield tag="300" ind1=" " ind2=" ">
   <subfield code="a">   svazků</subfield>
  </datafield>
  <datafield tag="310" ind1=" " ind2=" ">
   <subfield code="a">1x za 2 roky,</subfield>
   <subfield code="b">2004-</subfield>
  </datafield>
  <datafield tag="321" ind1=" " ind2=" ">
   <subfield code="a">1x ročně,</subfield>
   <subfield code="b">[1997]-2002</subfield>
  </datafield>
  <datafield tag="336" ind1=" " ind2=" ">
   <subfield code="a">text</subfield>
   <subfield code="b">txt</subfield>
   <subfield code="2">rdacontent</subfield>
  </datafield>
  <datafield tag="337" ind1=" " ind2=" ">
   <subfield code="a">bez média</subfield>
   <subfield code="b">n</subfield>
   <subfield code="2">rdamedia</subfield>
  </datafield>
  <datafield tag="338" ind1=" " ind2=" ">
   <subfield code="a">svazek</subfield>
   <subfield code="b">nc</subfield>
   <subfield code="2">rdacarrier</subfield>
  </datafield>
  <datafield tag="490" ind1="1" ind2=" ">
   <subfield code="a">Ekonomie</subfield>
  </datafield>
  <datafield tag="500" ind1=" " ind2=" ">
   <subfield code="a">Do ročníku 2007 spoluautorka Jana Vítková, od ročníku 2020 spoluautorka Hana Zídková</subfield>
  </datafield>
  <datafield tag="500" ind1=" " ind2=" ">
   <subfield code="a">Do ročníku 2005 název nakladatele: VOX</subfield>
  </datafield>
  <datafield tag="500" ind1=" " ind2=" ">
   <subfield code="a">Do ročníku 2004 mimo edici</subfield>
  </datafield>
  <datafield tag="500" ind1=" " ind2=" ">
   <subfield code="a">Jednotlivé svazky mají ISBN</subfield>
  </datafield>
  <datafield tag="521" ind1="8" ind2=" ">
   <subfield code="a">Pro obchodní akademie, ekonomické studijní obory na středních odborných školách a na vyšších odborných školách, pro vysokoškolské obory s ekonomickým zaměřením</subfield>
  </datafield>
  <datafield tag="650" ind1="0" ind2="7">
   <subfield code="a">daně</subfield>
   <subfield code="7">ph114293</subfield>
   <subfield code="2">czenas</subfield>
  </datafield>
  <datafield tag="650" ind1="0" ind2="7">
   <subfield code="a">daňové systémy</subfield>
   <subfield code="7">ph119347</subfield>
   <subfield code="2">czenas</subfield>
  </datafield>
  <datafield tag="650" ind1="0" ind2="7">
   <subfield code="a">správa daní</subfield>
   <subfield code="7">ph116260</subfield>
   <subfield code="2">czenas</subfield>
  </datafield>
  <datafield tag="650" ind1="0" ind2="7">
   <subfield code="a">daně z příjmů</subfield>
   <subfield code="7">ph117180</subfield>
   <subfield code="2">czenas</subfield>
  </datafield>
  <datafield tag="650" ind1="0" ind2="7">
   <subfield code="a">sociální pojištění</subfield>
   <subfield code="7">ph116209</subfield>
   <subfield code="2">czenas</subfield>
  </datafield>
  <datafield tag="650" ind1="0" ind2="7">
   <subfield code="a">daň z přidané hodnoty</subfield>
   <subfield code="7">ph119339</subfield>
   <subfield code="2">czenas</subfield>
  </datafield>
  <datafield tag="651" ind1=" " ind2="7">
   <subfield code="a">Česko</subfield>
   <subfield code="7">ge128065</subfield>
   <subfield code="2">czenas</subfield>
  </datafield>
  <datafield tag="655" ind1=" " ind2="7">
   <subfield code="a">učebnice</subfield>
   <subfield code="7">fd133770</subfield>
   <subfield code="2">czenas</subfield>
  </datafield>
  <datafield tag="650" ind1="0" ind2="9">
   <subfield code="a">taxation</subfield>
   <subfield code="2">eczenas</subfield>
  </datafield>
  <datafield tag="650" ind1="0" ind2="9">
   <subfield code="a">tax systems</subfield>
   <subfield code="2">eczenas</subfield>
  </datafield>
  <datafield tag="650" ind1="0" ind2="9">
   <subfield code="a">tax administration</subfield>
   <subfield code="2">eczenas</subfield>
  </datafield>
  <datafield tag="650" ind1="0" ind2="9">
   <subfield code="a">income tax</subfield>
   <subfield code="2">eczenas</subfield>
  </datafield>
  <datafield tag="650" ind1="0" ind2="9">
   <subfield code="a">social insurance</subfield>
   <subfield code="2">eczenas</subfield>
  </datafield>
  <datafield tag="650" ind1="0" ind2="9">
   <subfield code="a">value-added tax</subfield>
   <subfield code="2">eczenas</subfield>
  </datafield>
  <datafield tag="651" ind1=" " ind2="9">
   <subfield code="a">Czechia</subfield>
   <subfield code="2">eczenas</subfield>
  </datafield>
  <datafield tag="655" ind1=" " ind2="9">
   <subfield code="a">textbooks</subfield>
   <subfield code="2">eczenas</subfield>
  </datafield>
  <datafield tag="700" ind1="1" ind2=" ">
   <subfield code="a">Láchová, Lenka,</subfield>
   <subfield code="d">1959-</subfield>
   <subfield code="7">xx0009685</subfield>
   <subfield code="4">aut</subfield>
  </datafield>
  <datafield tag="700" ind1="1" ind2=" ">
   <subfield code="a">Vítková, Jana</subfield>
   <subfield code="7">xx0025374</subfield>
   <subfield code="4">aut</subfield>
  </datafield>
  <datafield tag="700" ind1="1" ind2=" ">
   <subfield code="a">Zídková, Hana</subfield>
   <subfield code="7">mzk2015887576</subfield>
   <subfield code="4">aut</subfield>
  </datafield>
  <datafield tag="740" ind1="0" ind2="2">
   <subfield code="a">Učebnice daňového práva</subfield>
  </datafield>
  <datafield tag="830" ind1=" " ind2="0">
   <subfield code="a">Ekonomie (1. VOX)</subfield>
  </datafield>
  <datafield tag="993" ind1=" " ind2=" ">
   <subfield code="a">002815014</subfield>
  </datafield>
  <datafield tag="902" ind1=" " ind2=" ">
   <subfield code="a">80-902111-3-5</subfield>
   <subfield code="q">(1997 ;</subfield>
   <subfield code="q">brožováno)</subfield>
  </datafield>
  <datafield tag="902" ind1=" " ind2=" ">
   <subfield code="a">80-902111-4-3</subfield>
   <subfield code="q">(1998 ;</subfield>
   <subfield code="q">brožováno)</subfield>
  </datafield>
  <datafield tag="902" ind1=" " ind2=" ">
   <subfield code="a">80-902111-8-6</subfield>
   <subfield code="q">(1999 ;</subfield>
   <subfield code="q">brožováno)</subfield>
  </datafield>
  <datafield tag="902" ind1=" " ind2=" ">
   <subfield code="a">80-86324-05-2</subfield>
   <subfield code="q">(2000 ;</subfield>
   <subfield code="q">brožováno)</subfield>
  </datafield>
  <datafield tag="902" ind1=" " ind2=" ">
   <subfield code="a">80-86324-12-5</subfield>
   <subfield code="q">(2001 ;</subfield>
   <subfield code="q">brožováno)</subfield>
  </datafield>
  <datafield tag="902" ind1=" " ind2=" ">
   <subfield code="a">80-86324-20-6</subfield>
   <subfield code="q">(2002 ;</subfield>
   <subfield code="q">brožováno)</subfield>
  </datafield>
  <datafield tag="902" ind1=" " ind2=" ">
   <subfield code="a">80-86324-42-7</subfield>
   <subfield code="q">(2004 ;</subfield>
   <subfield code="q">brožováno)</subfield>
  </datafield>
  <datafield tag="902" ind1=" " ind2=" ">
   <subfield code="a">80-86324-60-5</subfield>
   <subfield code="q">(2006 ;</subfield>
   <subfield code="q">brožováno)</subfield>
  </datafield>
  <datafield tag="902" ind1=" " ind2=" ">
   <subfield code="a">978-80-86324-72-2</subfield>
   <subfield code="q">(2008 ;</subfield>
   <subfield code="q">brožováno)</subfield>
  </datafield>
  <datafield tag="902" ind1=" " ind2=" ">
   <subfield code="a">978-80-86324-86-9</subfield>
   <subfield code="q">(2010 ;</subfield>
   <subfield code="q">brožováno)</subfield>
  </datafield>
  <datafield tag="902" ind1=" " ind2=" ">
   <subfield code="a">978-80-87480-05-2</subfield>
   <subfield code="q">(2012 ;</subfield>
   <subfield code="q">brožováno)</subfield>
  </datafield>
  <datafield tag="902" ind1=" " ind2=" ">
   <subfield code="a">978-80-87480-23-6</subfield>
   <subfield code="q">(2014 ;</subfield>
   <subfield code="q">brožováno)</subfield>
  </datafield>
  <datafield tag="902" ind1=" " ind2=" ">
   <subfield code="a">978-80-87480-44-1</subfield>
   <subfield code="q">(2016 ;</subfield>
   <subfield code="q">brožováno)</subfield>
  </datafield>
  <datafield tag="902" ind1=" " ind2=" ">
   <subfield code="a">978-80-87480-63-2</subfield>
   <subfield code="q">(2018 ;</subfield>
   <subfield code="q">brožováno)</subfield>
  </datafield>
  <datafield tag="902" ind1=" " ind2=" ">
   <subfield code="a">978-80-7598-887-4</subfield>
   <subfield code="q">(2020 ;</subfield>
   <subfield code="q">brožováno)</subfield>
  </datafield>
  <datafield tag="902" ind1=" " ind2=" ">
   <subfield code="a">978-80-7676-362-3</subfield>
   <subfield code="q">(2022 ;</subfield>
   <subfield code="q">brožováno)</subfield>
  </datafield>
  <datafield tag="902" ind1=" " ind2=" ">
   <subfield code="a">978-80-7676-992-2</subfield>
   <subfield code="q">(2024 ;</subfield>
   <subfield code="q">brožováno)</subfield>
  </datafield>
  <datafield tag="928" ind1="9" ind2=" ">
   <subfield code="a">VOX</subfield>
  </datafield>
  <datafield tag="910" ind1=" " ind2=" ">
   <subfield code="a">ABA006</subfield>
   <subfield code="s">1997, 1998, 1999, 2000, 2001, 2002, 2004, 2006, 2008, 2010, 2012, 2014, 2016, 2018, 2020, 2022, 2024</subfield>
   <subfield code="t">n</subfield>
  </datafield>
  <datafield tag="996" ind1=" " ind2=" ">
   <subfield code="1">HPUVV</subfield>
   <subfield code="3">A 11152-V3</subfield>
   <subfield code="4">N:P</subfield>
   <subfield code="5">4202138514</subfield>
   <subfield code="7">2014</subfield>
   <subfield code="8">20140520</subfield>
   <subfield code="9">336.2VAN</subfield>
   <subfield code="a">2014</subfield>
   <subfield code="b">2014</subfield>
   <subfield code="f">81</subfield>
   <subfield code="h">2014</subfield>
   <subfield code="l">UEP01</subfield>
   <subfield code="m">BOOK</subfield>
   <subfield code="q">Knihovna FM JH volný výběr</subfield>
   <subfield code="t">na 1 měsíc</subfield>
   <subfield code="u">UEP01</subfield>
  </datafield>
  <datafield tag="996" ind1=" " ind2=" ">
   <subfield code="1">HPUVV</subfield>
   <subfield code="3">A 11152-V4</subfield>
   <subfield code="4">N:P</subfield>
   <subfield code="5">4202138654</subfield>
   <subfield code="7">2014</subfield>
   <subfield code="8">20140911</subfield>
   <subfield code="9">336.2VAN</subfield>
   <subfield code="a">2014</subfield>
   <subfield code="b">2014</subfield>
   <subfield code="f">81</subfield>
   <subfield code="h">2014</subfield>
   <subfield code="l">UEP01</subfield>
   <subfield code="m">BOOK</subfield>
   <subfield code="q">Knihovna FM JH volný výběr</subfield>
   <subfield code="t">na 1 měsíc</subfield>
   <subfield code="u">UEP01</subfield>
  </datafield>
  <datafield tag="996" ind1=" " ind2=" ">
   <subfield code="1">HPUVV</subfield>
   <subfield code="3">A 12136-V1</subfield>
   <subfield code="4">N:P</subfield>
   <subfield code="5">4202140597</subfield>
   <subfield code="7">2016</subfield>
   <subfield code="8">20160531</subfield>
   <subfield code="9">336.2VAN</subfield>
   <subfield code="a">2016</subfield>
   <subfield code="b">2016</subfield>
   <subfield code="f">81</subfield>
   <subfield code="h">2016</subfield>
   <subfield code="l">UEP01</subfield>
   <subfield code="m">BOOK</subfield>
   <subfield code="q">Knihovna FM JH volný výběr</subfield>
   <subfield code="t">na 1 měsíc</subfield>
   <subfield code="u">UEP01</subfield>
  </datafield>
  <datafield tag="996" ind1=" " ind2=" ">
   <subfield code="1">HPUVV</subfield>
   <subfield code="3">A 12136-V2</subfield>
   <subfield code="4">N:P</subfield>
   <subfield code="5">4202140616</subfield>
   <subfield code="7">2016</subfield>
   <subfield code="8">20160623</subfield>
   <subfield code="9">336.2VAN</subfield>
   <subfield code="a">2016</subfield>
   <subfield code="b">2016</subfield>
   <subfield code="f">81</subfield>
   <subfield code="h">2016</subfield>
   <subfield code="l">UEP01</subfield>
   <subfield code="m">BOOK</subfield>
   <subfield code="q">Knihovna FM JH volný výběr</subfield>
   <subfield code="t">na 1 měsíc</subfield>
   <subfield code="u">UEP01</subfield>
  </datafield>
  <datafield tag="996" ind1=" " ind2=" ">
   <subfield code="1">HPUVV</subfield>
   <subfield code="3">A 13175-V1</subfield>
   <subfield code="4">N:P</subfield>
   <subfield code="5">4202142855</subfield>
   <subfield code="7">2018</subfield>
   <subfield code="8">20180904</subfield>
   <subfield code="9">336.2VAN</subfield>
   <subfield code="a">2018</subfield>
   <subfield code="b">2018</subfield>
   <subfield code="f">81</subfield>
   <subfield code="g">242</subfield>
   <subfield code="h">2018</subfield>
   <subfield code="l">UEP01</subfield>
   <subfield code="m">BOOK</subfield>
   <subfield code="q">Knihovna FM JH volný výběr</subfield>
   <subfield code="t">na 1 měsíc</subfield>
   <subfield code="u">UEP01</subfield>
  </datafield>
  <datafield tag="996" ind1=" " ind2=" ">
   <subfield code="1">HPUVV</subfield>
   <subfield code="3">A 13175-V2</subfield>
   <subfield code="4">N:P</subfield>
   <subfield code="5">4202142856</subfield>
   <subfield code="7">2018</subfield>
   <subfield code="8">20180904</subfield>
   <subfield code="9">336.2VAN</subfield>
   <subfield code="a">2018</subfield>
   <subfield code="b">2018</subfield>
   <subfield code="f">81</subfield>
   <subfield code="g">242</subfield>
   <subfield code="h">2018</subfield>
   <subfield code="l">UEP01</subfield>
   <subfield code="m">BOOK</subfield>
   <subfield code="q">Knihovna FM JH volný výběr</subfield>
   <subfield code="t">na 1 měsíc</subfield>
   <subfield code="u">UEP01</subfield>
  </datafield>
  <datafield tag="996" ind1=" " ind2=" ">
   <subfield code="1">HPUVV</subfield>
   <subfield code="3">A 13175-V3</subfield>
   <subfield code="4">N:P</subfield>
   <subfield code="5">4202142857</subfield>
   <subfield code="7">2018</subfield>
   <subfield code="8">20180904</subfield>
   <subfield code="9">336.2VAN</subfield>
   <subfield code="a">2018</subfield>
   <subfield code="b">2018</subfield>
   <subfield code="f">81</subfield>
   <subfield code="g">242</subfield>
   <subfield code="h">2018</subfield>
   <subfield code="l">UEP01</subfield>
   <subfield code="m">BOOK</subfield>
   <subfield code="q">Knihovna FM JH volný výběr</subfield>
   <subfield code="t">na 1 měsíc</subfield>
   <subfield code="u">UEP01</subfield>
  </datafield>
  <datafield tag="996" ind1=" " ind2=" ">
   <subfield code="1">HPUVV</subfield>
   <subfield code="3">A 13175-V4</subfield>
   <subfield code="4">N:P</subfield>
   <subfield code="5">4202142858</subfield>
   <subfield code="7">2018</subfield>
   <subfield code="8">20180904</subfield>
   <subfield code="9">336.2VAN</subfield>
   <subfield code="a">2018</subfield>
   <subfield code="b">2018</subfield>
   <subfield code="f">81</subfield>
   <subfield code="g">242</subfield>
   <subfield code="h">2018</subfield>
   <subfield code="l">UEP01</subfield>
   <subfield code="m">BOOK</subfield>
   <subfield code="q">Knihovna FM JH volný výběr</subfield>
   <subfield code="t">na 1 měsíc</subfield>
   <subfield code="u">UEP01</subfield>
  </datafield>
  <datafield tag="996" ind1=" " ind2=" ">
   <subfield code="1">HPUVV</subfield>
   <subfield code="3">A 13925-V1</subfield>
   <subfield code="4">N:P</subfield>
   <subfield code="5">4202144655</subfield>
   <subfield code="7">2020</subfield>
   <subfield code="8">20201002</subfield>
   <subfield code="9">336.2VAN</subfield>
   <subfield code="a">2020</subfield>
   <subfield code="b">2020</subfield>
   <subfield code="f">81</subfield>
   <subfield code="g">1088</subfield>
   <subfield code="h">2020</subfield>
   <subfield code="l">UEP01</subfield>
   <subfield code="m">BOOK</subfield>
   <subfield code="q">Knihovna FM JH volný výběr</subfield>
   <subfield code="t">na 1 měsíc</subfield>
   <subfield code="u">UEP01</subfield>
  </datafield>
  <datafield tag="996" ind1=" " ind2=" ">
   <subfield code="1">HPUVV</subfield>
   <subfield code="3">A 13925-V2</subfield>
   <subfield code="4">N:P</subfield>
   <subfield code="5">4202144656</subfield>
   <subfield code="7">2020</subfield>
   <subfield code="8">20201002</subfield>
   <subfield code="9">336.2VAN</subfield>
   <subfield code="a">2020</subfield>
   <subfield code="b">2020</subfield>
   <subfield code="f">81</subfield>
   <subfield code="g">1088</subfield>
   <subfield code="h">2020</subfield>
   <subfield code="l">UEP01</subfield>
   <subfield code="m">BOOK</subfield>
   <subfield code="q">Knihovna FM JH volný výběr</subfield>
   <subfield code="t">na 1 měsíc</subfield>
   <subfield code="u">UEP01</subfield>
  </datafield>
  <datafield tag="996" ind1=" " ind2=" ">
   <subfield code="1">HPUVV</subfield>
   <subfield code="3">A 13925-V3</subfield>
   <subfield code="4">N:P přeúč IG 632040 Rod</subfield>
   <subfield code="5">4202144657</subfield>
   <subfield code="7">2020</subfield>
   <subfield code="8">20201002</subfield>
   <subfield code="9">336.2VAN</subfield>
   <subfield code="a">2020</subfield>
   <subfield code="b">2020</subfield>
   <subfield code="f">81</subfield>
   <subfield code="g">1088</subfield>
   <subfield code="h">2020</subfield>
   <subfield code="l">UEP01</subfield>
   <subfield code="m">BOOK</subfield>
   <subfield code="q">Knihovna FM JH volný výběr</subfield>
   <subfield code="t">na 1 měsíc</subfield>
   <subfield code="u">UEP01</subfield>
  </datafield>
  <datafield tag="996" ind1=" " ind2=" ">
   <subfield code="1">HPUVV</subfield>
   <subfield code="3">A 13925-V4</subfield>
   <subfield code="4">N:P</subfield>
   <subfield code="5">4202145886</subfield>
   <subfield code="7">2020</subfield>
   <subfield code="8">20221002</subfield>
   <subfield code="9">336.2VAN</subfield>
   <subfield code="a">2020</subfield>
   <subfield code="b">2020</subfield>
   <subfield code="f">81</subfield>
   <subfield code="g">1868</subfield>
   <subfield code="h">2020</subfield>
   <subfield code="l">UEP01</subfield>
   <subfield code="m">BOOK</subfield>
   <subfield code="q">Knihovna FM JH volný výběr</subfield>
   <subfield code="t">na 1 měsíc</subfield>
   <subfield code="u">UEP01</subfield>
  </datafield>
  <datafield tag="996" ind1=" " ind2=" ">
   <subfield code="1">HPUVV</subfield>
   <subfield code="3">A 13925-V5</subfield>
   <subfield code="4">N:P</subfield>
   <subfield code="5">4202145887</subfield>
   <subfield code="7">2020</subfield>
   <subfield code="8">20221002</subfield>
   <subfield code="9">336.2VAN</subfield>
   <subfield code="a">2020</subfield>
   <subfield code="b">2020</subfield>
   <subfield code="f">81</subfield>
   <subfield code="g">1868</subfield>
   <subfield code="h">2020</subfield>
   <subfield code="l">UEP01</subfield>
   <subfield code="m">BOOK</subfield>
   <subfield code="q">Knihovna FM JH volný výběr</subfield>
   <subfield code="t">na 1 měsíc</subfield>
   <subfield code="u">UEP01</subfield>
  </datafield>
  <datafield tag="996" ind1=" " ind2=" ">
   <subfield code="1">HPUVV</subfield>
   <subfield code="3">A 14683-V1</subfield>
   <subfield code="4">N:P</subfield>
   <subfield code="5">4202146019</subfield>
   <subfield code="7">2022</subfield>
   <subfield code="8">20221128</subfield>
   <subfield code="9">336.2VAN</subfield>
   <subfield code="a">2022</subfield>
   <subfield code="b">2022</subfield>
   <subfield code="f">81</subfield>
   <subfield code="g">1929</subfield>
   <subfield code="h">2022</subfield>
   <subfield code="l">UEP01</subfield>
   <subfield code="m">BOOK</subfield>
   <subfield code="q">Knihovna FM JH volný výběr</subfield>
   <subfield code="t">na 1 měsíc</subfield>
   <subfield code="u">UEP01</subfield>
  </datafield>
  <datafield tag="996" ind1=" " ind2=" ">
   <subfield code="1">HPUVV</subfield>
   <subfield code="3">A 14683-V2</subfield>
   <subfield code="4">N:P</subfield>
   <subfield code="5">4202146020</subfield>
   <subfield code="7">2022</subfield>
   <subfield code="8">20221128</subfield>
   <subfield code="9">336.2VAN</subfield>
   <subfield code="a">2022</subfield>
   <subfield code="b">2022</subfield>
   <subfield code="f">81</subfield>
   <subfield code="g">1929</subfield>
   <subfield code="h">2022</subfield>
   <subfield code="l">UEP01</subfield>
   <subfield code="m">BOOK</subfield>
   <subfield code="q">Knihovna FM JH volný výběr</subfield>
   <subfield code="t">na 1 měsíc</subfield>
   <subfield code="u">UEP01</subfield>
  </datafield>
  <datafield tag="996" ind1=" " ind2=" ">
   <subfield code="1">HPUVV</subfield>
   <subfield code="3">A 14683-V3</subfield>
   <subfield code="4">N:P</subfield>
   <subfield code="5">4202146021</subfield>
   <subfield code="7">2022</subfield>
   <subfield code="8">20221128</subfield>
   <subfield code="9">336.2VAN</subfield>
   <subfield code="a">2022</subfield>
   <subfield code="b">2022</subfield>
   <subfield code="f">81</subfield>
   <subfield code="g">1929</subfield>
   <subfield code="h">2022</subfield>
   <subfield code="l">UEP01</subfield>
   <subfield code="m">BOOK</subfield>
   <subfield code="q">Knihovna FM JH volný výběr</subfield>
   <subfield code="t">na 1 měsíc</subfield>
   <subfield code="u">UEP01</subfield>
  </datafield>
  <datafield tag="996" ind1=" " ind2=" ">
   <subfield code="1">HPUVV</subfield>
   <subfield code="3">A 14683-V4</subfield>
   <subfield code="4">N:P</subfield>
   <subfield code="5">4202146131</subfield>
   <subfield code="7">2022</subfield>
   <subfield code="8">20230214</subfield>
   <subfield code="9">336.2VAN</subfield>
   <subfield code="a">2022</subfield>
   <subfield code="b">2022</subfield>
   <subfield code="f">81</subfield>
   <subfield code="g">2006</subfield>
   <subfield code="h">2022</subfield>
   <subfield code="l">UEP01</subfield>
   <subfield code="m">BOOK</subfield>
   <subfield code="q">Knihovna FM JH volný výběr</subfield>
   <subfield code="t">na 1 měsíc</subfield>
   <subfield code="u">UEP01</subfield>
  </datafield>
  <datafield tag="996" ind1=" " ind2=" ">
   <subfield code="1">HPUVV</subfield>
   <subfield code="3">A 14683-V5</subfield>
   <subfield code="4">N:P</subfield>
   <subfield code="5">4202146132</subfield>
   <subfield code="7">2022</subfield>
   <subfield code="8">20230214</subfield>
   <subfield code="9">336.2VAN</subfield>
   <subfield code="a">2022</subfield>
   <subfield code="b">2022</subfield>
   <subfield code="f">81</subfield>
   <subfield code="g">2006</subfield>
   <subfield code="h">2022</subfield>
   <subfield code="l">UEP01</subfield>
   <subfield code="m">BOOK</subfield>
   <subfield code="q">Knihovna FM JH volný výběr</subfield>
   <subfield code="t">na 1 měsíc</subfield>
   <subfield code="u">UEP01</subfield>
  </datafield>
  <datafield tag="996" ind1=" " ind2=" ">
   <subfield code="1">HSKL1</subfield>
   <subfield code="3">A 10126-V1</subfield>
   <subfield code="4">N:P</subfield>
   <subfield code="5">4202136149</subfield>
   <subfield code="7">2012</subfield>
   <subfield code="8">20120815</subfield>
   <subfield code="9">336.2VAN</subfield>
   <subfield code="a">2012</subfield>
   <subfield code="b">2012</subfield>
   <subfield code="f">81</subfield>
   <subfield code="h">2012</subfield>
   <subfield code="l">UEP01</subfield>
   <subfield code="m">BOOK</subfield>
   <subfield code="q">Knihovna FM JH sklad I</subfield>
   <subfield code="t">na 1 měsíc</subfield>
   <subfield code="u">UEP01</subfield>
  </datafield>
  <datafield tag="996" ind1=" " ind2=" ">
   <subfield code="1">HSKL1</subfield>
   <subfield code="3">A 10126-V2</subfield>
   <subfield code="4">N:P</subfield>
   <subfield code="5">4202136150</subfield>
   <subfield code="7">2012</subfield>
   <subfield code="8">20120815</subfield>
   <subfield code="9">336.2VAN</subfield>
   <subfield code="a">2012</subfield>
   <subfield code="b">2012</subfield>
   <subfield code="f">81</subfield>
   <subfield code="h">2012</subfield>
   <subfield code="l">UEP01</subfield>
   <subfield code="m">BOOK</subfield>
   <subfield code="q">Knihovna FM JH sklad I</subfield>
   <subfield code="t">na 1 měsíc</subfield>
   <subfield code="u">UEP01</subfield>
  </datafield>
  <datafield tag="996" ind1=" " ind2=" ">
   <subfield code="1">HSKL1</subfield>
   <subfield code="3">A 11152-V1</subfield>
   <subfield code="4">N:P</subfield>
   <subfield code="5">4202138512</subfield>
   <subfield code="7">2014</subfield>
   <subfield code="8">20140520</subfield>
   <subfield code="9">336.2VAN</subfield>
   <subfield code="a">2014</subfield>
   <subfield code="b">2014</subfield>
   <subfield code="f">81</subfield>
   <subfield code="h">2014</subfield>
   <subfield code="l">UEP01</subfield>
   <subfield code="m">BOOK</subfield>
   <subfield code="q">Knihovna FM JH sklad I</subfield>
   <subfield code="t">na 1 měsíc</subfield>
   <subfield code="u">UEP01</subfield>
  </datafield>
  <datafield tag="996" ind1=" " ind2=" ">
   <subfield code="1">HSKL1</subfield>
   <subfield code="3">A 11152-V2</subfield>
   <subfield code="4">N:P</subfield>
   <subfield code="5">4202138513</subfield>
   <subfield code="7">2014</subfield>
   <subfield code="8">20140520</subfield>
   <subfield code="9">336.2VAN</subfield>
   <subfield code="a">2014</subfield>
   <subfield code="b">2014</subfield>
   <subfield code="f">81</subfield>
   <subfield code="h">2014</subfield>
   <subfield code="l">UEP01</subfield>
   <subfield code="m">BOOK</subfield>
   <subfield code="q">Knihovna FM JH sklad I</subfield>
   <subfield code="t">na 1 měsíc</subfield>
   <subfield code="u">UEP01</subfield>
  </datafield>
  <datafield tag="996" ind1=" " ind2=" ">
   <subfield code="1">HSKL1</subfield>
   <subfield code="3">A 1821-V2</subfield>
   <subfield code="5">4202109050</subfield>
   <subfield code="7">1997</subfield>
   <subfield code="8">20030827</subfield>
   <subfield code="9">336.2VAN</subfield>
   <subfield code="a">1997</subfield>
   <subfield code="b">1997</subfield>
   <subfield code="f">81</subfield>
   <subfield code="h">1997</subfield>
   <subfield code="l">UEP01</subfield>
   <subfield code="m">BOOK</subfield>
   <subfield code="q">Knihovna FM JH sklad I</subfield>
   <subfield code="t">na 1 měsíc</subfield>
   <subfield code="u">UEP01</subfield>
   <subfield code="w">20030827</subfield>
  </datafield>
  <datafield tag="996" ind1=" " ind2=" ">
   <subfield code="1">HSKL1</subfield>
   <subfield code="3">A 1821-V2</subfield>
   <subfield code="5">4202112019</subfield>
   <subfield code="7">1997</subfield>
   <subfield code="8">20030827</subfield>
   <subfield code="9">336.2VAN</subfield>
   <subfield code="a">1997</subfield>
   <subfield code="b">1997</subfield>
   <subfield code="f">81</subfield>
   <subfield code="h">1997</subfield>
   <subfield code="l">UEP01</subfield>
   <subfield code="m">BOOK</subfield>
   <subfield code="q">Knihovna FM JH sklad I</subfield>
   <subfield code="t">na 1 měsíc</subfield>
   <subfield code="u">UEP01</subfield>
   <subfield code="w">20030827</subfield>
  </datafield>
  <datafield tag="996" ind1=" " ind2=" ">
   <subfield code="1">HSKL1</subfield>
   <subfield code="3">A 2190-V1</subfield>
   <subfield code="4">N:P</subfield>
   <subfield code="5">4202112017</subfield>
   <subfield code="7">1998</subfield>
   <subfield code="8">20170620</subfield>
   <subfield code="9">336.2VAN</subfield>
   <subfield code="a">1998</subfield>
   <subfield code="b">1998</subfield>
   <subfield code="f">81</subfield>
   <subfield code="h">1998</subfield>
   <subfield code="l">UEP01</subfield>
   <subfield code="m">BOOK</subfield>
   <subfield code="q">Knihovna FM JH sklad I</subfield>
   <subfield code="t">na 1 měsíc</subfield>
   <subfield code="u">UEP01</subfield>
  </datafield>
  <datafield tag="996" ind1=" " ind2=" ">
   <subfield code="1">HSKL1</subfield>
   <subfield code="3">A 2585-V1</subfield>
   <subfield code="5">4202114332</subfield>
   <subfield code="7">1999</subfield>
   <subfield code="8">20030827</subfield>
   <subfield code="9">336.2VAN</subfield>
   <subfield code="a">1999</subfield>
   <subfield code="b">1999</subfield>
   <subfield code="f">81</subfield>
   <subfield code="h">1999</subfield>
   <subfield code="l">UEP01</subfield>
   <subfield code="m">BOOK</subfield>
   <subfield code="q">Knihovna FM JH sklad I</subfield>
   <subfield code="t">na 1 měsíc</subfield>
   <subfield code="u">UEP01</subfield>
  </datafield>
  <datafield tag="996" ind1=" " ind2=" ">
   <subfield code="1">HSKL1</subfield>
   <subfield code="3">A 2585-V2</subfield>
   <subfield code="5">4202114582</subfield>
   <subfield code="7">1999</subfield>
   <subfield code="8">20030827</subfield>
   <subfield code="9">336.2VAN</subfield>
   <subfield code="a">1999</subfield>
   <subfield code="b">1999</subfield>
   <subfield code="f">81</subfield>
   <subfield code="h">1999</subfield>
   <subfield code="l">UEP01</subfield>
   <subfield code="m">BOOK</subfield>
   <subfield code="q">Knihovna FM JH sklad I</subfield>
   <subfield code="t">na 1 měsíc</subfield>
   <subfield code="u">UEP01</subfield>
  </datafield>
  <datafield tag="996" ind1=" " ind2=" ">
   <subfield code="1">HSKL1</subfield>
   <subfield code="3">A 2730-V1</subfield>
   <subfield code="5">4202115036</subfield>
   <subfield code="7">2000</subfield>
   <subfield code="8">20030827</subfield>
   <subfield code="9">336.2VAN</subfield>
   <subfield code="a">2000</subfield>
   <subfield code="b">2000</subfield>
   <subfield code="f">81</subfield>
   <subfield code="h">2000</subfield>
   <subfield code="l">UEP01</subfield>
   <subfield code="m">BOOK</subfield>
   <subfield code="q">Knihovna FM JH sklad I</subfield>
   <subfield code="t">na 1 měsíc</subfield>
   <subfield code="u">UEP01</subfield>
   <subfield code="w">20030827</subfield>
  </datafield>
  <datafield tag="996" ind1=" " ind2=" ">
   <subfield code="1">HSKL1</subfield>
   <subfield code="3">A 2730-V2</subfield>
   <subfield code="5">4202111447</subfield>
   <subfield code="7">2000</subfield>
   <subfield code="8">20030827</subfield>
   <subfield code="9">336.2VAN</subfield>
   <subfield code="a">2000</subfield>
   <subfield code="b">2000</subfield>
   <subfield code="f">81</subfield>
   <subfield code="h">2000</subfield>
   <subfield code="l">UEP01</subfield>
   <subfield code="m">BOOK</subfield>
   <subfield code="q">Knihovna FM JH sklad I</subfield>
   <subfield code="t">na 1 měsíc</subfield>
   <subfield code="u">UEP01</subfield>
   <subfield code="w">20030827</subfield>
  </datafield>
  <datafield tag="996" ind1=" " ind2=" ">
   <subfield code="1">HSKL1</subfield>
   <subfield code="3">A 3134-V1</subfield>
   <subfield code="5">4202116646</subfield>
   <subfield code="7">2001</subfield>
   <subfield code="8">20030827</subfield>
   <subfield code="9"> 336.2VAN</subfield>
   <subfield code="a">2001</subfield>
   <subfield code="b">2001</subfield>
   <subfield code="f">81</subfield>
   <subfield code="h">2001</subfield>
   <subfield code="l">UEP01</subfield>
   <subfield code="m">BOOK</subfield>
   <subfield code="q">Knihovna FM JH sklad I</subfield>
   <subfield code="t">na 1 měsíc</subfield>
   <subfield code="u">UEP01</subfield>
  </datafield>
  <datafield tag="996" ind1=" " ind2=" ">
   <subfield code="1">HSKL1</subfield>
   <subfield code="3">A 3134-V10</subfield>
   <subfield code="5">4202118731</subfield>
   <subfield code="7">2001</subfield>
   <subfield code="8">20030827</subfield>
   <subfield code="9"> 336.2VAN</subfield>
   <subfield code="a">2001</subfield>
   <subfield code="b">2001</subfield>
   <subfield code="f">81</subfield>
   <subfield code="h">2001</subfield>
   <subfield code="l">UEP01</subfield>
   <subfield code="m">BOOK</subfield>
   <subfield code="q">Knihovna FM JH sklad I</subfield>
   <subfield code="t">na 1 měsíc</subfield>
   <subfield code="u">UEP01</subfield>
  </datafield>
  <datafield tag="996" ind1=" " ind2=" ">
   <subfield code="1">HSKL1</subfield>
   <subfield code="3">A 3134-V2</subfield>
   <subfield code="5">4202118723</subfield>
   <subfield code="7">2001</subfield>
   <subfield code="8">20030827</subfield>
   <subfield code="9"> 336.2VAN</subfield>
   <subfield code="a">2001</subfield>
   <subfield code="b">2001</subfield>
   <subfield code="f">81</subfield>
   <subfield code="h">2001</subfield>
   <subfield code="l">UEP01</subfield>
   <subfield code="m">BOOK</subfield>
   <subfield code="q">Knihovna FM JH sklad I</subfield>
   <subfield code="t">na 1 měsíc</subfield>
   <subfield code="u">UEP01</subfield>
  </datafield>
  <datafield tag="996" ind1=" " ind2=" ">
   <subfield code="1">HSKL1</subfield>
   <subfield code="3">A 3134-V3</subfield>
   <subfield code="5">4202118724</subfield>
   <subfield code="7">2001</subfield>
   <subfield code="8">20030827</subfield>
   <subfield code="9"> 336.2VAN</subfield>
   <subfield code="a">2001</subfield>
   <subfield code="b">2001</subfield>
   <subfield code="f">81</subfield>
   <subfield code="h">2001</subfield>
   <subfield code="l">UEP01</subfield>
   <subfield code="m">BOOK</subfield>
   <subfield code="q">Knihovna FM JH sklad I</subfield>
   <subfield code="t">na 1 měsíc</subfield>
   <subfield code="u">UEP01</subfield>
  </datafield>
  <datafield tag="996" ind1=" " ind2=" ">
   <subfield code="1">HSKL1</subfield>
   <subfield code="3">A 3134-V5</subfield>
   <subfield code="5">4202118726</subfield>
   <subfield code="7">2001</subfield>
   <subfield code="8">20030827</subfield>
   <subfield code="9"> 336.2VAN</subfield>
   <subfield code="a">2001</subfield>
   <subfield code="b">2001</subfield>
   <subfield code="f">81</subfield>
   <subfield code="h">2001</subfield>
   <subfield code="l">UEP01</subfield>
   <subfield code="m">BOOK</subfield>
   <subfield code="q">Knihovna FM JH sklad I</subfield>
   <subfield code="t">na 1 měsíc</subfield>
   <subfield code="u">UEP01</subfield>
  </datafield>
  <datafield tag="996" ind1=" " ind2=" ">
   <subfield code="1">HSKL1</subfield>
   <subfield code="3">A 3492-V1</subfield>
   <subfield code="5">4202117964</subfield>
   <subfield code="7">2002</subfield>
   <subfield code="8">20030827</subfield>
   <subfield code="9">336.2VAN</subfield>
   <subfield code="a">2002</subfield>
   <subfield code="b">2002</subfield>
   <subfield code="f">81</subfield>
   <subfield code="h">2002</subfield>
   <subfield code="l">UEP01</subfield>
   <subfield code="m">BOOK</subfield>
   <subfield code="q">Knihovna FM JH sklad I</subfield>
   <subfield code="t">na 1 měsíc</subfield>
   <subfield code="u">UEP01</subfield>
   <subfield code="w">20030827</subfield>
  </datafield>
  <datafield tag="996" ind1=" " ind2=" ">
   <subfield code="1">HSKL1</subfield>
   <subfield code="3">A 3492-V2</subfield>
   <subfield code="5">4202118887</subfield>
   <subfield code="7">2002</subfield>
   <subfield code="8">20030827</subfield>
   <subfield code="9">336.2VAN</subfield>
   <subfield code="a">2002</subfield>
   <subfield code="b">2002</subfield>
   <subfield code="f">81</subfield>
   <subfield code="h">2002</subfield>
   <subfield code="l">UEP01</subfield>
   <subfield code="m">BOOK</subfield>
   <subfield code="q">Knihovna FM JH sklad I</subfield>
   <subfield code="t">na 1 měsíc</subfield>
   <subfield code="u">UEP01</subfield>
   <subfield code="w">20030827</subfield>
  </datafield>
  <datafield tag="996" ind1=" " ind2=" ">
   <subfield code="1">HSKL1</subfield>
   <subfield code="3">A 4787-V1</subfield>
   <subfield code="4">N:P</subfield>
   <subfield code="5">4202121672</subfield>
   <subfield code="7">2004</subfield>
   <subfield code="8">20040929</subfield>
   <subfield code="9">336.2VAN</subfield>
   <subfield code="a">2004</subfield>
   <subfield code="b">2004</subfield>
   <subfield code="f">81</subfield>
   <subfield code="h">2004</subfield>
   <subfield code="l">UEP01</subfield>
   <subfield code="m">BOOK</subfield>
   <subfield code="q">Knihovna FM JH sklad I</subfield>
   <subfield code="t">na 1 měsíc</subfield>
   <subfield code="u">UEP01</subfield>
   <subfield code="w">20040929</subfield>
  </datafield>
  <datafield tag="996" ind1=" " ind2=" ">
   <subfield code="1">HSKL1</subfield>
   <subfield code="3">A 4787-V2</subfield>
   <subfield code="4">N:P</subfield>
   <subfield code="5">4202121673</subfield>
   <subfield code="7">2004</subfield>
   <subfield code="8">20040929</subfield>
   <subfield code="9">336.2VAN</subfield>
   <subfield code="a">2004</subfield>
   <subfield code="b">2004</subfield>
   <subfield code="f">81</subfield>
   <subfield code="h">2004</subfield>
   <subfield code="l">UEP01</subfield>
   <subfield code="m">BOOK</subfield>
   <subfield code="q">Knihovna FM JH sklad I</subfield>
   <subfield code="t">na 1 měsíc</subfield>
   <subfield code="u">UEP01</subfield>
   <subfield code="w">20040929</subfield>
  </datafield>
  <datafield tag="996" ind1=" " ind2=" ">
   <subfield code="1">HSKL1</subfield>
   <subfield code="3">A 5975-V1</subfield>
   <subfield code="4">N:P</subfield>
   <subfield code="5">4202124914</subfield>
   <subfield code="7">2006</subfield>
   <subfield code="8">20060529</subfield>
   <subfield code="9">336.2VAN</subfield>
   <subfield code="a">2006</subfield>
   <subfield code="b">2006</subfield>
   <subfield code="f">81</subfield>
   <subfield code="h">2006</subfield>
   <subfield code="l">UEP01</subfield>
   <subfield code="m">BOOK</subfield>
   <subfield code="q">Knihovna FM JH sklad I</subfield>
   <subfield code="t">na 1 měsíc</subfield>
   <subfield code="u">UEP01</subfield>
   <subfield code="w">20060529</subfield>
  </datafield>
  <datafield tag="996" ind1=" " ind2=" ">
   <subfield code="1">HSKL1</subfield>
   <subfield code="3">A 5975-V3</subfield>
   <subfield code="4">N:P</subfield>
   <subfield code="5">4202124918</subfield>
   <subfield code="7">2006</subfield>
   <subfield code="8">20060529</subfield>
   <subfield code="9">336.2VAN</subfield>
   <subfield code="a">2006</subfield>
   <subfield code="b">2006</subfield>
   <subfield code="f">81</subfield>
   <subfield code="h">2006</subfield>
   <subfield code="l">UEP01</subfield>
   <subfield code="m">BOOK</subfield>
   <subfield code="q">Knihovna FM JH sklad I</subfield>
   <subfield code="t">na 1 měsíc</subfield>
   <subfield code="u">UEP01</subfield>
   <subfield code="w">20060529</subfield>
  </datafield>
  <datafield tag="996" ind1=" " ind2=" ">
   <subfield code="1">HSKL1</subfield>
   <subfield code="3">A 7223-V1</subfield>
   <subfield code="4">N:P</subfield>
   <subfield code="5">4202128418</subfield>
   <subfield code="7">2008</subfield>
   <subfield code="8">20080418</subfield>
   <subfield code="9">336.2VAN</subfield>
   <subfield code="a">2008</subfield>
   <subfield code="b">2008</subfield>
   <subfield code="f">81</subfield>
   <subfield code="h">2008</subfield>
   <subfield code="l">UEP01</subfield>
   <subfield code="m">BOOK</subfield>
   <subfield code="q">Knihovna FM JH sklad I</subfield>
   <subfield code="t">na 1 měsíc</subfield>
   <subfield code="u">UEP01</subfield>
  </datafield>
  <datafield tag="996" ind1=" " ind2=" ">
   <subfield code="1">HSKL1</subfield>
   <subfield code="3">A 7223-V2</subfield>
   <subfield code="4">N:P</subfield>
   <subfield code="5">4202128419</subfield>
   <subfield code="7">2008</subfield>
   <subfield code="8">20080418</subfield>
   <subfield code="9">336.2VAN</subfield>
   <subfield code="a">2008</subfield>
   <subfield code="b">2008</subfield>
   <subfield code="f">81</subfield>
   <subfield code="h">2008</subfield>
   <subfield code="l">UEP01</subfield>
   <subfield code="m">BOOK</subfield>
   <subfield code="q">Knihovna FM JH sklad I</subfield>
   <subfield code="t">na 1 měsíc</subfield>
   <subfield code="u">UEP01</subfield>
  </datafield>
  <datafield tag="996" ind1=" " ind2=" ">
   <subfield code="1">HSKL1</subfield>
   <subfield code="3">A 8587-V1</subfield>
   <subfield code="4">N:P</subfield>
   <subfield code="5">4202131929</subfield>
   <subfield code="7">2010</subfield>
   <subfield code="8">20100407</subfield>
   <subfield code="9">336.2VAN</subfield>
   <subfield code="a">2010</subfield>
   <subfield code="b">2010</subfield>
   <subfield code="f">81</subfield>
   <subfield code="h">2010</subfield>
   <subfield code="l">UEP01</subfield>
   <subfield code="m">BOOK</subfield>
   <subfield code="q">Knihovna FM JH sklad I</subfield>
   <subfield code="t">na 1 měsíc</subfield>
   <subfield code="u">UEP01</subfield>
  </datafield>
  <datafield tag="996" ind1=" " ind2=" ">
   <subfield code="1">HSKL1</subfield>
   <subfield code="3">A 8587-V2</subfield>
   <subfield code="4">N:P</subfield>
   <subfield code="5">4202131930</subfield>
   <subfield code="7">2010</subfield>
   <subfield code="8">20100407</subfield>
   <subfield code="9">336.2VAN</subfield>
   <subfield code="a">2010</subfield>
   <subfield code="b">2010</subfield>
   <subfield code="f">81</subfield>
   <subfield code="h">2010</subfield>
   <subfield code="l">UEP01</subfield>
   <subfield code="m">BOOK</subfield>
   <subfield code="q">Knihovna FM JH sklad I</subfield>
   <subfield code="t">na 1 měsíc</subfield>
   <subfield code="u">UEP01</subfield>
  </datafield>
  <datafield tag="996" ind1=" " ind2=" ">
   <subfield code="1">HSTU1</subfield>
   <subfield code="3">A 15117-V1</subfield>
   <subfield code="4">N:P</subfield>
   <subfield code="5">4202146713</subfield>
   <subfield code="7">2024</subfield>
   <subfield code="8">20240918</subfield>
   <subfield code="9">336.2VAN</subfield>
   <subfield code="a">2024</subfield>
   <subfield code="b">2024</subfield>
   <subfield code="f">85</subfield>
   <subfield code="g">2403</subfield>
   <subfield code="h">2024</subfield>
   <subfield code="l">UEP01</subfield>
   <subfield code="m">BOOK</subfield>
   <subfield code="q">Knihovna FM JH studovna I</subfield>
   <subfield code="t">prezenční</subfield>
   <subfield code="u">UEP01</subfield>
  </datafield>
  <datafield tag="996" ind1=" " ind2=" ">
   <subfield code="1">PDPZ2</subfield>
   <subfield code="3">F171292oo</subfield>
   <subfield code="5">3142060688</subfield>
   <subfield code="7">1997</subfield>
   <subfield code="8">20030807</subfield>
   <subfield code="9">336.2VAN</subfield>
   <subfield code="a">1997</subfield>
   <subfield code="b">1997</subfield>
   <subfield code="f">81</subfield>
   <subfield code="h">1997</subfield>
   <subfield code="l">UEP01</subfield>
   <subfield code="m">BOOK</subfield>
   <subfield code="q">Knihovna Žižkov depoz. 2</subfield>
   <subfield code="t">na 1 měsíc</subfield>
   <subfield code="u">UEP01</subfield>
   <subfield code="w">20040622</subfield>
  </datafield>
  <datafield tag="996" ind1=" " ind2=" ">
   <subfield code="1">PDPZ2</subfield>
   <subfield code="3">F171292rr</subfield>
   <subfield code="5">3142043423</subfield>
   <subfield code="7">1997</subfield>
   <subfield code="8">20030807</subfield>
   <subfield code="9">336.2VAN</subfield>
   <subfield code="a">1997</subfield>
   <subfield code="b">1997</subfield>
   <subfield code="f">81</subfield>
   <subfield code="h">1997</subfield>
   <subfield code="l">UEP01</subfield>
   <subfield code="m">BOOK</subfield>
   <subfield code="q">Knihovna Žižkov depoz. 2</subfield>
   <subfield code="t">na 1 měsíc</subfield>
   <subfield code="u">UEP01</subfield>
   <subfield code="w">20030918</subfield>
  </datafield>
  <datafield tag="996" ind1=" " ind2=" ">
   <subfield code="1">PDPZ2</subfield>
   <subfield code="3">F172890k</subfield>
   <subfield code="5">3142068616</subfield>
   <subfield code="7">1998</subfield>
   <subfield code="8">20030807</subfield>
   <subfield code="9">336.2VAN</subfield>
   <subfield code="a">1998</subfield>
   <subfield code="b">1998</subfield>
   <subfield code="f">81</subfield>
   <subfield code="h">1998</subfield>
   <subfield code="l">UEP01</subfield>
   <subfield code="m">BOOK</subfield>
   <subfield code="q">Knihovna Žižkov depoz. 2</subfield>
   <subfield code="t">na 1 měsíc</subfield>
   <subfield code="u">UEP01</subfield>
   <subfield code="w">20040622</subfield>
  </datafield>
  <datafield tag="996" ind1=" " ind2=" ">
   <subfield code="1">PDPZ2</subfield>
   <subfield code="3">F177112j</subfield>
   <subfield code="5">3142089737</subfield>
   <subfield code="7">1999</subfield>
   <subfield code="8">20030807</subfield>
   <subfield code="9">336.2VAN</subfield>
   <subfield code="a">1999</subfield>
   <subfield code="b">1999</subfield>
   <subfield code="f">81</subfield>
   <subfield code="h">1999</subfield>
   <subfield code="l">UEP01</subfield>
   <subfield code="m">BOOK</subfield>
   <subfield code="q">Knihovna Žižkov depoz. 2</subfield>
   <subfield code="t">na 1 měsíc</subfield>
   <subfield code="u">UEP01</subfield>
   <subfield code="w">20030918</subfield>
  </datafield>
  <datafield tag="996" ind1=" " ind2=" ">
   <subfield code="1">PDPZ2</subfield>
   <subfield code="3">F177112p</subfield>
   <subfield code="4">N:náhrada</subfield>
   <subfield code="5">3142192474</subfield>
   <subfield code="7">1999</subfield>
   <subfield code="8">20081015</subfield>
   <subfield code="9">336.2VAN</subfield>
   <subfield code="a">1999</subfield>
   <subfield code="b">1999</subfield>
   <subfield code="f">81</subfield>
   <subfield code="h">1999</subfield>
   <subfield code="l">UEP01</subfield>
   <subfield code="m">BOOK</subfield>
   <subfield code="q">Knihovna Žižkov depoz. 2</subfield>
   <subfield code="t">na 1 měsíc</subfield>
   <subfield code="u">UEP01</subfield>
   <subfield code="w">20081015</subfield>
  </datafield>
  <datafield tag="996" ind1=" " ind2=" ">
   <subfield code="1">PDPZ2</subfield>
   <subfield code="3">F180498gg</subfield>
   <subfield code="5">3142126580</subfield>
   <subfield code="7">2000</subfield>
   <subfield code="8">20030807</subfield>
   <subfield code="9">336.2VAN</subfield>
   <subfield code="a">2000</subfield>
   <subfield code="b">2000</subfield>
   <subfield code="f">81</subfield>
   <subfield code="h">2000</subfield>
   <subfield code="l">UEP01</subfield>
   <subfield code="m">BOOK</subfield>
   <subfield code="q">Knihovna Žižkov depoz. 2</subfield>
   <subfield code="t">na 1 měsíc</subfield>
   <subfield code="u">UEP01</subfield>
   <subfield code="w">20070417</subfield>
  </datafield>
  <datafield tag="996" ind1=" " ind2=" ">
   <subfield code="1">PDPZ2</subfield>
   <subfield code="3">F180498kk</subfield>
   <subfield code="5">3142158062</subfield>
   <subfield code="7">2000</subfield>
   <subfield code="8">20030807</subfield>
   <subfield code="9">336.2VAN</subfield>
   <subfield code="a">2000</subfield>
   <subfield code="b">2000</subfield>
   <subfield code="f">81</subfield>
   <subfield code="h">2000</subfield>
   <subfield code="l">UEP01</subfield>
   <subfield code="m">BOOK</subfield>
   <subfield code="q">Knihovna Žižkov depoz. 2</subfield>
   <subfield code="t">na 1 měsíc</subfield>
   <subfield code="u">UEP01</subfield>
   <subfield code="w">20030918</subfield>
  </datafield>
  <datafield tag="996" ind1=" " ind2=" ">
   <subfield code="1">PDPZ2</subfield>
   <subfield code="3">F182842i</subfield>
   <subfield code="5">3142133744</subfield>
   <subfield code="7">2001</subfield>
   <subfield code="8">20030807</subfield>
   <subfield code="9">336.2VAN</subfield>
   <subfield code="a">2001</subfield>
   <subfield code="b">2001</subfield>
   <subfield code="f">81</subfield>
   <subfield code="h">2001</subfield>
   <subfield code="l">UEP01</subfield>
   <subfield code="m">BOOK</subfield>
   <subfield code="q">Knihovna Žižkov depoz. 2</subfield>
   <subfield code="t">na 1 měsíc</subfield>
   <subfield code="u">UEP01</subfield>
   <subfield code="w">20040622</subfield>
  </datafield>
  <datafield tag="996" ind1=" " ind2=" ">
   <subfield code="1">PDPZ2</subfield>
   <subfield code="3">F182842u</subfield>
   <subfield code="5">3142158069</subfield>
   <subfield code="7">2001</subfield>
   <subfield code="8">20030807</subfield>
   <subfield code="9">336.2VAN</subfield>
   <subfield code="a">2001</subfield>
   <subfield code="b">2001</subfield>
   <subfield code="f">81</subfield>
   <subfield code="h">2001</subfield>
   <subfield code="l">UEP01</subfield>
   <subfield code="m">BOOK</subfield>
   <subfield code="q">Knihovna Žižkov depoz. 2</subfield>
   <subfield code="t">na 1 měsíc</subfield>
   <subfield code="u">UEP01</subfield>
   <subfield code="w">20030918</subfield>
  </datafield>
  <datafield tag="996" ind1=" " ind2=" ">
   <subfield code="1">PDPZ2</subfield>
   <subfield code="3">F182842y</subfield>
   <subfield code="5">3142158073</subfield>
   <subfield code="7">2001</subfield>
   <subfield code="8">20030807</subfield>
   <subfield code="9">336.2VAN</subfield>
   <subfield code="a">2001</subfield>
   <subfield code="b">2001</subfield>
   <subfield code="f">81</subfield>
   <subfield code="h">2001</subfield>
   <subfield code="l">UEP01</subfield>
   <subfield code="m">BOOK</subfield>
   <subfield code="q">Knihovna Žižkov depoz. 2</subfield>
   <subfield code="t">na 1 měsíc</subfield>
   <subfield code="u">UEP01</subfield>
   <subfield code="w">20030918</subfield>
  </datafield>
  <datafield tag="996" ind1=" " ind2=" ">
   <subfield code="1">PDPZ2</subfield>
   <subfield code="3">F185075</subfield>
   <subfield code="5">3142150972</subfield>
   <subfield code="7">2002</subfield>
   <subfield code="8">20030807</subfield>
   <subfield code="9">336.2VAN</subfield>
   <subfield code="a">2002</subfield>
   <subfield code="b">2002</subfield>
   <subfield code="f">81</subfield>
   <subfield code="h">2002</subfield>
   <subfield code="l">UEP01</subfield>
   <subfield code="m">BOOK</subfield>
   <subfield code="q">Knihovna Žižkov depoz. 2</subfield>
   <subfield code="t">na 1 měsíc</subfield>
   <subfield code="u">UEP01</subfield>
   <subfield code="w">20060418</subfield>
  </datafield>
  <datafield tag="996" ind1=" " ind2=" ">
   <subfield code="1">PDPZ2</subfield>
   <subfield code="3">F188283a</subfield>
   <subfield code="4">N:náhrada</subfield>
   <subfield code="5">3142192476</subfield>
   <subfield code="7">2002</subfield>
   <subfield code="8">20081015</subfield>
   <subfield code="9">336.2VAN</subfield>
   <subfield code="a">2002</subfield>
   <subfield code="b">2002</subfield>
   <subfield code="f">81</subfield>
   <subfield code="h">2002</subfield>
   <subfield code="l">UEP01</subfield>
   <subfield code="m">BOOK</subfield>
   <subfield code="q">Knihovna Žižkov depoz. 2</subfield>
   <subfield code="t">na 1 měsíc</subfield>
   <subfield code="u">UEP01</subfield>
   <subfield code="w">20081015</subfield>
  </datafield>
  <datafield tag="996" ind1=" " ind2=" ">
   <subfield code="1">PDPZ2</subfield>
   <subfield code="3">F189908j</subfield>
   <subfield code="4">N:náhrada</subfield>
   <subfield code="5">3142340471</subfield>
   <subfield code="7">2004</subfield>
   <subfield code="8">20200831</subfield>
   <subfield code="9">336.2VAN</subfield>
   <subfield code="a">2004</subfield>
   <subfield code="b">2004</subfield>
   <subfield code="f">81</subfield>
   <subfield code="h">2004</subfield>
   <subfield code="l">UEP01</subfield>
   <subfield code="m">BOOK</subfield>
   <subfield code="q">Knihovna Žižkov depoz. 2</subfield>
   <subfield code="t">na 1 měsíc</subfield>
   <subfield code="u">UEP01</subfield>
   <subfield code="w">20200831</subfield>
  </datafield>
  <datafield tag="996" ind1=" " ind2=" ">
   <subfield code="1">PJMHS</subfield>
   <subfield code="2">SSAVS</subfield>
   <subfield code="3">F223847i</subfield>
   <subfield code="4">N:G</subfield>
   <subfield code="5">3142326274</subfield>
   <subfield code="7">2016</subfield>
   <subfield code="8">20190410</subfield>
   <subfield code="9">336.2VAN</subfield>
   <subfield code="a">2016</subfield>
   <subfield code="b">2016</subfield>
   <subfield code="f">85</subfield>
   <subfield code="h">2016</subfield>
   <subfield code="l">UEP01</subfield>
   <subfield code="m">BOOK</subfield>
   <subfield code="q">Studovna JM</subfield>
   <subfield code="r">ŠKODA AUTO VŠ</subfield>
   <subfield code="t">prezenční</subfield>
   <subfield code="u">UEP01</subfield>
   <subfield code="w">20190617</subfield>
  </datafield>
  <datafield tag="996" ind1=" " ind2=" ">
   <subfield code="1">PJMHS</subfield>
   <subfield code="3">F217673f</subfield>
   <subfield code="4">N:P</subfield>
   <subfield code="5">3142274349</subfield>
   <subfield code="7">2014</subfield>
   <subfield code="8">20140424</subfield>
   <subfield code="9">336.2VAN</subfield>
   <subfield code="a">2014</subfield>
   <subfield code="b">2014</subfield>
   <subfield code="f">81</subfield>
   <subfield code="g">38992</subfield>
   <subfield code="h">2014</subfield>
   <subfield code="l">UEP01</subfield>
   <subfield code="m">BOOK</subfield>
   <subfield code="q">Studovna JM</subfield>
   <subfield code="t">na 1 měsíc</subfield>
   <subfield code="u">UEP01</subfield>
   <subfield code="w">20140605</subfield>
  </datafield>
  <datafield tag="996" ind1=" " ind2=" ">
   <subfield code="1">PJMHS</subfield>
   <subfield code="3">F223847g</subfield>
   <subfield code="4">N:P</subfield>
   <subfield code="5">3142291856</subfield>
   <subfield code="7">2016</subfield>
   <subfield code="8">20160517</subfield>
   <subfield code="9">336.2VAN</subfield>
   <subfield code="a">2016</subfield>
   <subfield code="b">2016</subfield>
   <subfield code="f">81</subfield>
   <subfield code="g">44676</subfield>
   <subfield code="h">2016</subfield>
   <subfield code="l">UEP01</subfield>
   <subfield code="m">BOOK</subfield>
   <subfield code="q">Studovna JM</subfield>
   <subfield code="t">na 1 měsíc</subfield>
   <subfield code="u">UEP01</subfield>
   <subfield code="w">20160629</subfield>
  </datafield>
  <datafield tag="996" ind1=" " ind2=" ">
   <subfield code="1">PJMHS</subfield>
   <subfield code="3">F223847h</subfield>
   <subfield code="4">N:P</subfield>
   <subfield code="5">3142296415</subfield>
   <subfield code="7">2016</subfield>
   <subfield code="8">20160923</subfield>
   <subfield code="9">336.2VAN</subfield>
   <subfield code="a">2016</subfield>
   <subfield code="b">2016</subfield>
   <subfield code="f">81</subfield>
   <subfield code="g">45506</subfield>
   <subfield code="h">2016</subfield>
   <subfield code="l">UEP01</subfield>
   <subfield code="m">BOOK</subfield>
   <subfield code="q">Studovna JM</subfield>
   <subfield code="t">na 1 měsíc</subfield>
   <subfield code="u">UEP01</subfield>
   <subfield code="w">20170201</subfield>
  </datafield>
  <datafield tag="996" ind1=" " ind2=" ">
   <subfield code="1">PJMHS</subfield>
   <subfield code="3">F229098ch</subfield>
   <subfield code="4">N:P</subfield>
   <subfield code="5">3142325387</subfield>
   <subfield code="7">2018</subfield>
   <subfield code="8">20190327</subfield>
   <subfield code="9">336.2VAN</subfield>
   <subfield code="a">2018</subfield>
   <subfield code="b">2018</subfield>
   <subfield code="f">81</subfield>
   <subfield code="g">50711</subfield>
   <subfield code="h">2018</subfield>
   <subfield code="l">UEP01</subfield>
   <subfield code="m">BOOK</subfield>
   <subfield code="q">Studovna JM</subfield>
   <subfield code="t">na 1 měsíc</subfield>
   <subfield code="u">UEP01</subfield>
   <subfield code="w">20190402</subfield>
  </datafield>
  <datafield tag="996" ind1=" " ind2=" ">
   <subfield code="1">PJMHS</subfield>
   <subfield code="3">F231753ch</subfield>
   <subfield code="4">N:P</subfield>
   <subfield code="5">3142346308</subfield>
   <subfield code="7">2020</subfield>
   <subfield code="8">20201015</subfield>
   <subfield code="9">336.2VAN</subfield>
   <subfield code="a">2020</subfield>
   <subfield code="b">2020</subfield>
   <subfield code="f">81</subfield>
   <subfield code="g">54205</subfield>
   <subfield code="h">2020</subfield>
   <subfield code="l">UEP01</subfield>
   <subfield code="m">BOOK</subfield>
   <subfield code="q">Studovna JM</subfield>
   <subfield code="t">na 1 měsíc</subfield>
   <subfield code="u">UEP01</subfield>
   <subfield code="w">20201110</subfield>
  </datafield>
  <datafield tag="996" ind1=" " ind2=" ">
   <subfield code="1">PJMHS</subfield>
   <subfield code="3">F231753d</subfield>
   <subfield code="4">N:P</subfield>
   <subfield code="5">3142344185</subfield>
   <subfield code="7">2020</subfield>
   <subfield code="8">20201008</subfield>
   <subfield code="9">336.2VAN</subfield>
   <subfield code="a">2020</subfield>
   <subfield code="b">2020</subfield>
   <subfield code="f">81</subfield>
   <subfield code="h">2020</subfield>
   <subfield code="l">UEP01</subfield>
   <subfield code="m">BOOK</subfield>
   <subfield code="q">Studovna JM</subfield>
   <subfield code="t">na 1 měsíc</subfield>
   <subfield code="u">UEP01</subfield>
   <subfield code="w">20201110</subfield>
  </datafield>
  <datafield tag="996" ind1=" " ind2=" ">
   <subfield code="1">PJMHS</subfield>
   <subfield code="3">F235916ch</subfield>
   <subfield code="4">N:náhrada</subfield>
   <subfield code="5">3142369207</subfield>
   <subfield code="7">2022</subfield>
   <subfield code="8">20240429</subfield>
   <subfield code="9">336.2VAN</subfield>
   <subfield code="a">2022</subfield>
   <subfield code="b">2022</subfield>
   <subfield code="f">81</subfield>
   <subfield code="h">2022</subfield>
   <subfield code="l">UEP01</subfield>
   <subfield code="m">BOOK</subfield>
   <subfield code="q">Studovna JM</subfield>
   <subfield code="t">na 1 měsíc</subfield>
   <subfield code="u">UEP01</subfield>
   <subfield code="w">20240429</subfield>
  </datafield>
  <datafield tag="996" ind1=" " ind2=" ">
   <subfield code="1">PJMHS</subfield>
   <subfield code="3">F235916g</subfield>
   <subfield code="4">N:P</subfield>
   <subfield code="5">3142362971</subfield>
   <subfield code="7">2022</subfield>
   <subfield code="8">20221122</subfield>
   <subfield code="9">336.2VAN</subfield>
   <subfield code="a">2022</subfield>
   <subfield code="b">2022</subfield>
   <subfield code="f">81</subfield>
   <subfield code="g">58677</subfield>
   <subfield code="h">2022</subfield>
   <subfield code="l">UEP01</subfield>
   <subfield code="m">BOOK</subfield>
   <subfield code="q">Studovna JM</subfield>
   <subfield code="t">na 1 měsíc</subfield>
   <subfield code="u">UEP01</subfield>
   <subfield code="w">20221207</subfield>
  </datafield>
  <datafield tag="996" ind1=" " ind2=" ">
   <subfield code="1">PJMHS</subfield>
   <subfield code="3">F235916h</subfield>
   <subfield code="4">N:P</subfield>
   <subfield code="5">3142363331</subfield>
   <subfield code="7">2022</subfield>
   <subfield code="8">20221128</subfield>
   <subfield code="9">336.2VAN</subfield>
   <subfield code="a">2022</subfield>
   <subfield code="b">2022</subfield>
   <subfield code="f">81</subfield>
   <subfield code="g">58691</subfield>
   <subfield code="h">2022</subfield>
   <subfield code="l">UEP01</subfield>
   <subfield code="m">BOOK</subfield>
   <subfield code="p">MI</subfield>
   <subfield code="q">Studovna JM</subfield>
   <subfield code="t">na 1 měsíc</subfield>
   <subfield code="u">UEP01</subfield>
   <subfield code="v">Ztráta</subfield>
   <subfield code="w">20221207</subfield>
  </datafield>
  <datafield tag="996" ind1=" " ind2=" ">
   <subfield code="1">PJMHS</subfield>
   <subfield code="3">F237731d</subfield>
   <subfield code="4">N:P</subfield>
   <subfield code="5">3142370646</subfield>
   <subfield code="7">2024</subfield>
   <subfield code="8">20240904</subfield>
   <subfield code="9">336.2VAN</subfield>
   <subfield code="a">2024</subfield>
   <subfield code="b">2024</subfield>
   <subfield code="f">81</subfield>
   <subfield code="g">60880</subfield>
   <subfield code="h">2024</subfield>
   <subfield code="l">UEP01</subfield>
   <subfield code="m">BOOK</subfield>
   <subfield code="q">Studovna JM</subfield>
   <subfield code="t">na 1 měsíc</subfield>
   <subfield code="u">UEP01</subfield>
   <subfield code="w">20240912</subfield>
  </datafield>
  <datafield tag="996" ind1=" " ind2=" ">
   <subfield code="1">PJMSK</subfield>
   <subfield code="3">F171292e</subfield>
   <subfield code="5">3142043357</subfield>
   <subfield code="7">1997</subfield>
   <subfield code="8">20030807</subfield>
   <subfield code="9">336.2VAN</subfield>
   <subfield code="a">1997</subfield>
   <subfield code="b">1997</subfield>
   <subfield code="f">81</subfield>
   <subfield code="h">1997</subfield>
   <subfield code="l">UEP01</subfield>
   <subfield code="m">BOOK</subfield>
   <subfield code="q">Knihovna JM - sklad</subfield>
   <subfield code="t">na 1 měsíc</subfield>
   <subfield code="u">UEP01</subfield>
   <subfield code="w">20030918</subfield>
  </datafield>
  <datafield tag="996" ind1=" " ind2=" ">
   <subfield code="1">PJMSK</subfield>
   <subfield code="3">F180498a</subfield>
   <subfield code="5">3142115008</subfield>
   <subfield code="7">2000</subfield>
   <subfield code="8">20030807</subfield>
   <subfield code="9">336.2VAN</subfield>
   <subfield code="a">2000</subfield>
   <subfield code="b">2000</subfield>
   <subfield code="f">81</subfield>
   <subfield code="h">2000</subfield>
   <subfield code="l">UEP01</subfield>
   <subfield code="m">BOOK</subfield>
   <subfield code="q">Knihovna JM - sklad</subfield>
   <subfield code="t">na 1 měsíc</subfield>
   <subfield code="u">UEP01</subfield>
   <subfield code="w">20050606</subfield>
  </datafield>
  <datafield tag="996" ind1=" " ind2=" ">
   <subfield code="1">PJMSK</subfield>
   <subfield code="3">F182842d</subfield>
   <subfield code="5">3142133738</subfield>
   <subfield code="7">2001</subfield>
   <subfield code="8">20030807</subfield>
   <subfield code="9">336.2VAN</subfield>
   <subfield code="a">2001</subfield>
   <subfield code="b">2001</subfield>
   <subfield code="f">81</subfield>
   <subfield code="h">2001</subfield>
   <subfield code="l">UEP01</subfield>
   <subfield code="m">BOOK</subfield>
   <subfield code="q">Knihovna JM - sklad</subfield>
   <subfield code="t">na 1 měsíc</subfield>
   <subfield code="u">UEP01</subfield>
   <subfield code="w">20040910</subfield>
  </datafield>
  <datafield tag="996" ind1=" " ind2=" ">
   <subfield code="1">PJMSK</subfield>
   <subfield code="3">F185075h</subfield>
   <subfield code="5">3142150993</subfield>
   <subfield code="7">2002</subfield>
   <subfield code="8">20030807</subfield>
   <subfield code="9">336.2VAN</subfield>
   <subfield code="a">2002</subfield>
   <subfield code="b">2002</subfield>
   <subfield code="f">81</subfield>
   <subfield code="h">2002</subfield>
   <subfield code="l">UEP01</subfield>
   <subfield code="m">BOOK</subfield>
   <subfield code="q">Knihovna JM - sklad</subfield>
   <subfield code="t">na 1 měsíc</subfield>
   <subfield code="u">UEP01</subfield>
   <subfield code="w">20030918</subfield>
  </datafield>
  <datafield tag="996" ind1=" " ind2=" ">
   <subfield code="1">PJMSK</subfield>
   <subfield code="3">F189908e</subfield>
   <subfield code="4">N:G</subfield>
   <subfield code="5">3142216709</subfield>
   <subfield code="7">2004</subfield>
   <subfield code="8">20080117</subfield>
   <subfield code="9">336.2VAN</subfield>
   <subfield code="a">2004</subfield>
   <subfield code="b">2004</subfield>
   <subfield code="f">81</subfield>
   <subfield code="h">2004</subfield>
   <subfield code="l">UEP01</subfield>
   <subfield code="m">BOOK</subfield>
   <subfield code="q">Knihovna JM - sklad</subfield>
   <subfield code="t">na 1 měsíc</subfield>
   <subfield code="u">UEP01</subfield>
   <subfield code="w">20080128</subfield>
  </datafield>
  <datafield tag="996" ind1=" " ind2=" ">
   <subfield code="1">PJMSK</subfield>
   <subfield code="3">F194992f</subfield>
   <subfield code="4">N:P</subfield>
   <subfield code="5">3142205676</subfield>
   <subfield code="7">2006</subfield>
   <subfield code="8">20061121</subfield>
   <subfield code="9">336.2VAN</subfield>
   <subfield code="a">2006</subfield>
   <subfield code="b">2006</subfield>
   <subfield code="f">81</subfield>
   <subfield code="g">11066</subfield>
   <subfield code="h">2006</subfield>
   <subfield code="l">UEP01</subfield>
   <subfield code="m">BOOK</subfield>
   <subfield code="q">Knihovna JM - sklad</subfield>
   <subfield code="t">na 1 měsíc</subfield>
   <subfield code="u">UEP01</subfield>
   <subfield code="w">20061213</subfield>
  </datafield>
  <datafield tag="996" ind1=" " ind2=" ">
   <subfield code="1">PJMSK</subfield>
   <subfield code="3">F198994d</subfield>
   <subfield code="4">N:P</subfield>
   <subfield code="5">3142220117</subfield>
   <subfield code="7">2008</subfield>
   <subfield code="8">20080417</subfield>
   <subfield code="9">336.2VAN</subfield>
   <subfield code="a">2008</subfield>
   <subfield code="b">2008</subfield>
   <subfield code="f">81</subfield>
   <subfield code="g">15756</subfield>
   <subfield code="h">2008</subfield>
   <subfield code="l">UEP01</subfield>
   <subfield code="m">BOOK</subfield>
   <subfield code="q">Knihovna JM - sklad</subfield>
   <subfield code="t">na 1 měsíc</subfield>
   <subfield code="u">UEP01</subfield>
   <subfield code="w">20080604</subfield>
  </datafield>
  <datafield tag="996" ind1=" " ind2=" ">
   <subfield code="1">PJMSK</subfield>
   <subfield code="3">F204121q</subfield>
   <subfield code="4">N:G</subfield>
   <subfield code="5">3142259734</subfield>
   <subfield code="7">2010</subfield>
   <subfield code="8">20121012</subfield>
   <subfield code="9">336.2VAN</subfield>
   <subfield code="a">2010</subfield>
   <subfield code="b">2010</subfield>
   <subfield code="f">81</subfield>
   <subfield code="h">2010</subfield>
   <subfield code="l">UEP01</subfield>
   <subfield code="m">BOOK</subfield>
   <subfield code="q">Knihovna JM - sklad</subfield>
   <subfield code="t">na 1 měsíc</subfield>
   <subfield code="u">UEP01</subfield>
   <subfield code="w">20121206</subfield>
  </datafield>
  <datafield tag="996" ind1=" " ind2=" ">
   <subfield code="1">PJMSK</subfield>
   <subfield code="3">F212766f</subfield>
   <subfield code="4">N:P</subfield>
   <subfield code="5">3142266614</subfield>
   <subfield code="7">2012</subfield>
   <subfield code="8">20130607</subfield>
   <subfield code="9">336.2VAN</subfield>
   <subfield code="a">2012</subfield>
   <subfield code="b">2012</subfield>
   <subfield code="f">81</subfield>
   <subfield code="g">35964</subfield>
   <subfield code="h">2012</subfield>
   <subfield code="l">UEP01</subfield>
   <subfield code="m">BOOK</subfield>
   <subfield code="q">Knihovna JM - sklad</subfield>
   <subfield code="t">na 1 měsíc</subfield>
   <subfield code="u">UEP01</subfield>
   <subfield code="w">20130911</subfield>
  </datafield>
  <datafield tag="996" ind1=" " ind2=" ">
   <subfield code="1">PJMSK</subfield>
   <subfield code="3">F217673l</subfield>
   <subfield code="4">N:P</subfield>
   <subfield code="5">3142286214</subfield>
   <subfield code="7">2014</subfield>
   <subfield code="8">20151119</subfield>
   <subfield code="9">336.2VAN</subfield>
   <subfield code="a">2014</subfield>
   <subfield code="b">2014</subfield>
   <subfield code="f">81</subfield>
   <subfield code="g">43706</subfield>
   <subfield code="h">2014</subfield>
   <subfield code="l">UEP01</subfield>
   <subfield code="m">BOOK</subfield>
   <subfield code="q">Knihovna JM - sklad</subfield>
   <subfield code="t">na 1 měsíc</subfield>
   <subfield code="u">UEP01</subfield>
   <subfield code="w">20160122</subfield>
  </datafield>
  <datafield tag="996" ind1=" " ind2=" ">
   <subfield code="1">PKMU</subfield>
   <subfield code="3">F185075o</subfield>
   <subfield code="4">N:P</subfield>
   <subfield code="5">3142174302</subfield>
   <subfield code="7">2002</subfield>
   <subfield code="8">20040211</subfield>
   <subfield code="9">336.2VAN</subfield>
   <subfield code="a">2002</subfield>
   <subfield code="b">2002</subfield>
   <subfield code="f">83</subfield>
   <subfield code="h">2002</subfield>
   <subfield code="l">UEP01</subfield>
   <subfield code="m">BOOK</subfield>
   <subfield code="q">KMÚ</subfield>
   <subfield code="s">DISLOK: Šoljaková, Libuše - ISIS22293</subfield>
   <subfield code="t">na dislokovaném</subfield>
   <subfield code="u">UEP01</subfield>
   <subfield code="w">20040211</subfield>
  </datafield>
  <datafield tag="996" ind1=" " ind2=" ">
   <subfield code="1">PKVF</subfield>
   <subfield code="3">F171292jj</subfield>
   <subfield code="5">3142057037</subfield>
   <subfield code="7">1997</subfield>
   <subfield code="8">20030807</subfield>
   <subfield code="9">336.2VAN</subfield>
   <subfield code="a">1997</subfield>
   <subfield code="b">1997</subfield>
   <subfield code="f">83</subfield>
   <subfield code="h">1997</subfield>
   <subfield code="l">UEP01</subfield>
   <subfield code="m">BOOK</subfield>
   <subfield code="p">MI</subfield>
   <subfield code="q">KVF</subfield>
   <subfield code="t">na dislokovaném</subfield>
   <subfield code="u">UEP01</subfield>
   <subfield code="v">Ztráta</subfield>
   <subfield code="w">20030918</subfield>
  </datafield>
  <datafield tag="996" ind1=" " ind2=" ">
   <subfield code="1">PKVF</subfield>
   <subfield code="3">F171292kk</subfield>
   <subfield code="5">3142057038</subfield>
   <subfield code="7">1997</subfield>
   <subfield code="8">20030807</subfield>
   <subfield code="9">336.2VAN</subfield>
   <subfield code="a">1997</subfield>
   <subfield code="b">1997</subfield>
   <subfield code="f">83</subfield>
   <subfield code="h">1997</subfield>
   <subfield code="l">UEP01</subfield>
   <subfield code="m">BOOK</subfield>
   <subfield code="p">MI</subfield>
   <subfield code="q">KVF</subfield>
   <subfield code="t">na dislokovaném</subfield>
   <subfield code="u">UEP01</subfield>
   <subfield code="v">Ztráta</subfield>
   <subfield code="w">20030918</subfield>
  </datafield>
  <datafield tag="996" ind1=" " ind2=" ">
   <subfield code="1">PKVF</subfield>
   <subfield code="3">F171292ll</subfield>
   <subfield code="5">3142057039</subfield>
   <subfield code="7">1997</subfield>
   <subfield code="8">20030807</subfield>
   <subfield code="9">336.2VAN</subfield>
   <subfield code="a">1997</subfield>
   <subfield code="b">1997</subfield>
   <subfield code="f">83</subfield>
   <subfield code="h">1997</subfield>
   <subfield code="l">UEP01</subfield>
   <subfield code="m">BOOK</subfield>
   <subfield code="p">MI</subfield>
   <subfield code="q">KVF</subfield>
   <subfield code="t">na dislokovaném</subfield>
   <subfield code="u">UEP01</subfield>
   <subfield code="v">Ztráta</subfield>
   <subfield code="w">20030918</subfield>
  </datafield>
  <datafield tag="996" ind1=" " ind2=" ">
   <subfield code="1">PKVF</subfield>
   <subfield code="3">F171292mm</subfield>
   <subfield code="5">3142057040</subfield>
   <subfield code="7">1997</subfield>
   <subfield code="8">20030807</subfield>
   <subfield code="9">336.2VAN</subfield>
   <subfield code="a">1997</subfield>
   <subfield code="b">1997</subfield>
   <subfield code="f">83</subfield>
   <subfield code="h">1997</subfield>
   <subfield code="l">UEP01</subfield>
   <subfield code="m">BOOK</subfield>
   <subfield code="p">MI</subfield>
   <subfield code="q">KVF</subfield>
   <subfield code="t">na dislokovaném</subfield>
   <subfield code="u">UEP01</subfield>
   <subfield code="v">Ztráta</subfield>
   <subfield code="w">20030918</subfield>
  </datafield>
  <datafield tag="996" ind1=" " ind2=" ">
   <subfield code="1">PKVF</subfield>
   <subfield code="3">F171292nn</subfield>
   <subfield code="5">3142057041</subfield>
   <subfield code="7">1997</subfield>
   <subfield code="8">20030807</subfield>
   <subfield code="9">336.2VAN</subfield>
   <subfield code="a">1997</subfield>
   <subfield code="b">1997</subfield>
   <subfield code="f">83</subfield>
   <subfield code="h">1997</subfield>
   <subfield code="l">UEP01</subfield>
   <subfield code="m">BOOK</subfield>
   <subfield code="p">MI</subfield>
   <subfield code="q">KVF</subfield>
   <subfield code="t">na dislokovaném</subfield>
   <subfield code="u">UEP01</subfield>
   <subfield code="v">Ztráta</subfield>
   <subfield code="w">20030918</subfield>
  </datafield>
  <datafield tag="996" ind1=" " ind2=" ">
   <subfield code="1">PKVF</subfield>
   <subfield code="3">F172890ch</subfield>
   <subfield code="5">3142068613</subfield>
   <subfield code="7">1998</subfield>
   <subfield code="8">20030807</subfield>
   <subfield code="9">336.2VAN</subfield>
   <subfield code="a">1998</subfield>
   <subfield code="b">1998</subfield>
   <subfield code="f">83</subfield>
   <subfield code="h">1998</subfield>
   <subfield code="l">UEP01</subfield>
   <subfield code="m">BOOK</subfield>
   <subfield code="p">MI</subfield>
   <subfield code="q">KVF</subfield>
   <subfield code="t">na dislokovaném</subfield>
   <subfield code="u">UEP01</subfield>
   <subfield code="v">Ztráta</subfield>
   <subfield code="w">20030918</subfield>
  </datafield>
  <datafield tag="996" ind1=" " ind2=" ">
   <subfield code="1">PKVF</subfield>
   <subfield code="3">F172890h</subfield>
   <subfield code="5">3142068612</subfield>
   <subfield code="7">1998</subfield>
   <subfield code="8">20030807</subfield>
   <subfield code="9">336.2VAN</subfield>
   <subfield code="a">1998</subfield>
   <subfield code="b">1998</subfield>
   <subfield code="f">83</subfield>
   <subfield code="h">1998</subfield>
   <subfield code="l">UEP01</subfield>
   <subfield code="m">BOOK</subfield>
   <subfield code="p">MI</subfield>
   <subfield code="q">KVF</subfield>
   <subfield code="t">na dislokovaném</subfield>
   <subfield code="u">UEP01</subfield>
   <subfield code="v">Ztráta</subfield>
   <subfield code="w">20030918</subfield>
  </datafield>
  <datafield tag="996" ind1=" " ind2=" ">
   <subfield code="1">PKVF</subfield>
   <subfield code="3">F172890i</subfield>
   <subfield code="5">3142068614</subfield>
   <subfield code="7">1998</subfield>
   <subfield code="8">20030807</subfield>
   <subfield code="9">336.2VAN</subfield>
   <subfield code="a">1998</subfield>
   <subfield code="b">1998</subfield>
   <subfield code="f">83</subfield>
   <subfield code="h">1998</subfield>
   <subfield code="l">UEP01</subfield>
   <subfield code="m">BOOK</subfield>
   <subfield code="p">MI</subfield>
   <subfield code="q">KVF</subfield>
   <subfield code="t">na dislokovaném</subfield>
   <subfield code="u">UEP01</subfield>
   <subfield code="v">Ztráta</subfield>
   <subfield code="w">20030918</subfield>
  </datafield>
  <datafield tag="996" ind1=" " ind2=" ">
   <subfield code="1">PKVF</subfield>
   <subfield code="3">F172890j</subfield>
   <subfield code="5">3142068615</subfield>
   <subfield code="7">1998</subfield>
   <subfield code="8">20030807</subfield>
   <subfield code="9">336.2VAN</subfield>
   <subfield code="a">1998</subfield>
   <subfield code="b">1998</subfield>
   <subfield code="f">83</subfield>
   <subfield code="h">1998</subfield>
   <subfield code="l">UEP01</subfield>
   <subfield code="m">BOOK</subfield>
   <subfield code="p">MI</subfield>
   <subfield code="q">KVF</subfield>
   <subfield code="t">na dislokovaném</subfield>
   <subfield code="u">UEP01</subfield>
   <subfield code="v">Ztráta</subfield>
   <subfield code="w">20030918</subfield>
  </datafield>
  <datafield tag="996" ind1=" " ind2=" ">
   <subfield code="1">PKVF</subfield>
   <subfield code="3">F172890l</subfield>
   <subfield code="5">3142068617</subfield>
   <subfield code="7">1998</subfield>
   <subfield code="8">20030807</subfield>
   <subfield code="9">336.2VAN</subfield>
   <subfield code="a">1998</subfield>
   <subfield code="b">1998</subfield>
   <subfield code="f">83</subfield>
   <subfield code="h">1998</subfield>
   <subfield code="l">UEP01</subfield>
   <subfield code="m">BOOK</subfield>
   <subfield code="p">MI</subfield>
   <subfield code="q">KVF</subfield>
   <subfield code="t">na dislokovaném</subfield>
   <subfield code="u">UEP01</subfield>
   <subfield code="v">Ztráta</subfield>
   <subfield code="w">20030918</subfield>
  </datafield>
  <datafield tag="996" ind1=" " ind2=" ">
   <subfield code="1">PKVF</subfield>
   <subfield code="3">F172890m</subfield>
   <subfield code="5">3142068618</subfield>
   <subfield code="7">1998</subfield>
   <subfield code="8">20030807</subfield>
   <subfield code="9">336.2VAN</subfield>
   <subfield code="a">1998</subfield>
   <subfield code="b">1998</subfield>
   <subfield code="f">83</subfield>
   <subfield code="h">1998</subfield>
   <subfield code="l">UEP01</subfield>
   <subfield code="m">BOOK</subfield>
   <subfield code="p">MI</subfield>
   <subfield code="q">KVF</subfield>
   <subfield code="t">na dislokovaném</subfield>
   <subfield code="u">UEP01</subfield>
   <subfield code="v">Ztráta</subfield>
   <subfield code="w">20030918</subfield>
  </datafield>
  <datafield tag="996" ind1=" " ind2=" ">
   <subfield code="1">PKVF</subfield>
   <subfield code="3">F172890n</subfield>
   <subfield code="5">3142068619</subfield>
   <subfield code="7">1998</subfield>
   <subfield code="8">20030807</subfield>
   <subfield code="9">336.2VAN</subfield>
   <subfield code="a">1998</subfield>
   <subfield code="b">1998</subfield>
   <subfield code="f">83</subfield>
   <subfield code="h">1998</subfield>
   <subfield code="l">UEP01</subfield>
   <subfield code="m">BOOK</subfield>
   <subfield code="p">MI</subfield>
   <subfield code="q">KVF</subfield>
   <subfield code="t">na dislokovaném</subfield>
   <subfield code="u">UEP01</subfield>
   <subfield code="v">Ztráta</subfield>
   <subfield code="w">20030918</subfield>
  </datafield>
  <datafield tag="996" ind1=" " ind2=" ">
   <subfield code="1">PKVF</subfield>
   <subfield code="3">F172890o</subfield>
   <subfield code="5">3142068620</subfield>
   <subfield code="7">1998</subfield>
   <subfield code="8">20030807</subfield>
   <subfield code="9">336.2VAN</subfield>
   <subfield code="a">1998</subfield>
   <subfield code="b">1998</subfield>
   <subfield code="f">83</subfield>
   <subfield code="h">1998</subfield>
   <subfield code="l">UEP01</subfield>
   <subfield code="m">BOOK</subfield>
   <subfield code="p">MI</subfield>
   <subfield code="q">KVF</subfield>
   <subfield code="t">na dislokovaném</subfield>
   <subfield code="u">UEP01</subfield>
   <subfield code="v">Ztráta</subfield>
   <subfield code="w">20030918</subfield>
  </datafield>
  <datafield tag="996" ind1=" " ind2=" ">
   <subfield code="1">PKVF</subfield>
   <subfield code="3">F172890p</subfield>
   <subfield code="5">3142068621</subfield>
   <subfield code="7">1998</subfield>
   <subfield code="8">20030807</subfield>
   <subfield code="9">336.2VAN</subfield>
   <subfield code="a">1998</subfield>
   <subfield code="b">1998</subfield>
   <subfield code="f">83</subfield>
   <subfield code="h">1998</subfield>
   <subfield code="l">UEP01</subfield>
   <subfield code="m">BOOK</subfield>
   <subfield code="p">MI</subfield>
   <subfield code="q">KVF</subfield>
   <subfield code="t">na dislokovaném</subfield>
   <subfield code="u">UEP01</subfield>
   <subfield code="v">Ztráta</subfield>
   <subfield code="w">20030918</subfield>
  </datafield>
  <datafield tag="996" ind1=" " ind2=" ">
   <subfield code="1">PKVF</subfield>
   <subfield code="3">F180498d</subfield>
   <subfield code="5">3142116730</subfield>
   <subfield code="7">2000</subfield>
   <subfield code="8">20030807</subfield>
   <subfield code="9">336.2VAN</subfield>
   <subfield code="a">2000</subfield>
   <subfield code="b">2000</subfield>
   <subfield code="f">83</subfield>
   <subfield code="h">2000</subfield>
   <subfield code="l">UEP01</subfield>
   <subfield code="m">BOOK</subfield>
   <subfield code="p">MI</subfield>
   <subfield code="q">KVF</subfield>
   <subfield code="t">na dislokovaném</subfield>
   <subfield code="u">UEP01</subfield>
   <subfield code="v">Ztráta</subfield>
   <subfield code="w">20030918</subfield>
  </datafield>
  <datafield tag="996" ind1=" " ind2=" ">
   <subfield code="1">PKVF</subfield>
   <subfield code="3">F182842l</subfield>
   <subfield code="5">3142133747</subfield>
   <subfield code="7">2001</subfield>
   <subfield code="8">20030807</subfield>
   <subfield code="9">336.2VAN</subfield>
   <subfield code="a">2001</subfield>
   <subfield code="b">2001</subfield>
   <subfield code="f">83</subfield>
   <subfield code="h">2001</subfield>
   <subfield code="l">UEP01</subfield>
   <subfield code="m">BOOK</subfield>
   <subfield code="p">MI</subfield>
   <subfield code="q">KVF</subfield>
   <subfield code="t">na dislokovaném</subfield>
   <subfield code="u">UEP01</subfield>
   <subfield code="v">Ztráta</subfield>
   <subfield code="w">20030918</subfield>
  </datafield>
  <datafield tag="996" ind1=" " ind2=" ">
   <subfield code="1">PKVF</subfield>
   <subfield code="3">F185075a</subfield>
   <subfield code="5">3142150973</subfield>
   <subfield code="7">2002</subfield>
   <subfield code="8">20030807</subfield>
   <subfield code="9">336.2VAN</subfield>
   <subfield code="a">2002</subfield>
   <subfield code="b">2002</subfield>
   <subfield code="f">83</subfield>
   <subfield code="h">2002</subfield>
   <subfield code="l">UEP01</subfield>
   <subfield code="m">BOOK</subfield>
   <subfield code="p">MI</subfield>
   <subfield code="q">KVF</subfield>
   <subfield code="t">na dislokovaném</subfield>
   <subfield code="u">UEP01</subfield>
   <subfield code="v">Ztráta</subfield>
   <subfield code="w">20030918</subfield>
  </datafield>
  <datafield tag="996" ind1=" " ind2=" ">
   <subfield code="1">PKVF</subfield>
   <subfield code="3">F194992i</subfield>
   <subfield code="4">N:P</subfield>
   <subfield code="5">3142208527</subfield>
   <subfield code="7">2006</subfield>
   <subfield code="8">20070212</subfield>
   <subfield code="9">336.2VAN</subfield>
   <subfield code="a">2006</subfield>
   <subfield code="b">2006</subfield>
   <subfield code="f">83</subfield>
   <subfield code="g">12115</subfield>
   <subfield code="h">2006</subfield>
   <subfield code="l">UEP01</subfield>
   <subfield code="m">BOOK</subfield>
   <subfield code="p">MI</subfield>
   <subfield code="q">KVF</subfield>
   <subfield code="t">na dislokovaném</subfield>
   <subfield code="u">UEP01</subfield>
   <subfield code="v">Ztráta</subfield>
   <subfield code="w">20070301</subfield>
  </datafield>
  <datafield tag="996" ind1=" " ind2=" ">
   <subfield code="1">PKVF</subfield>
   <subfield code="3">F194992j</subfield>
   <subfield code="4">N:P</subfield>
   <subfield code="5">3142208528</subfield>
   <subfield code="7">2006</subfield>
   <subfield code="8">20070212</subfield>
   <subfield code="9">336.2VAN</subfield>
   <subfield code="a">2006</subfield>
   <subfield code="b">2006</subfield>
   <subfield code="f">83</subfield>
   <subfield code="g">12115</subfield>
   <subfield code="h">2006</subfield>
   <subfield code="l">UEP01</subfield>
   <subfield code="m">BOOK</subfield>
   <subfield code="p">MI</subfield>
   <subfield code="q">KVF</subfield>
   <subfield code="t">na dislokovaném</subfield>
   <subfield code="u">UEP01</subfield>
   <subfield code="v">Ztráta</subfield>
   <subfield code="w">20070301</subfield>
  </datafield>
  <datafield tag="996" ind1=" " ind2=" ">
   <subfield code="1">PKVF</subfield>
   <subfield code="3">F194992k</subfield>
   <subfield code="4">N:P</subfield>
   <subfield code="5">3142208529</subfield>
   <subfield code="7">2006</subfield>
   <subfield code="8">20070212</subfield>
   <subfield code="9">336.2VAN</subfield>
   <subfield code="a">2006</subfield>
   <subfield code="b">2006</subfield>
   <subfield code="f">83</subfield>
   <subfield code="g">12115</subfield>
   <subfield code="h">2006</subfield>
   <subfield code="l">UEP01</subfield>
   <subfield code="m">BOOK</subfield>
   <subfield code="q">KVF</subfield>
   <subfield code="s">DISLOK: Klazar, Stanislav - ISIS51827</subfield>
   <subfield code="t">na dislokovaném</subfield>
   <subfield code="u">UEP01</subfield>
   <subfield code="w">20070301</subfield>
  </datafield>
  <datafield tag="996" ind1=" " ind2=" ">
   <subfield code="1">PKVF</subfield>
   <subfield code="3">F194992l</subfield>
   <subfield code="4">N:P</subfield>
   <subfield code="5">3142208530</subfield>
   <subfield code="7">2006</subfield>
   <subfield code="8">20070212</subfield>
   <subfield code="9">336.2VAN</subfield>
   <subfield code="a">2006</subfield>
   <subfield code="b">2006</subfield>
   <subfield code="f">83</subfield>
   <subfield code="g">12115</subfield>
   <subfield code="h">2006</subfield>
   <subfield code="l">UEP01</subfield>
   <subfield code="m">BOOK</subfield>
   <subfield code="p">MI</subfield>
   <subfield code="q">KVF</subfield>
   <subfield code="t">na dislokovaném</subfield>
   <subfield code="u">UEP01</subfield>
   <subfield code="v">Ztráta</subfield>
   <subfield code="w">20070301</subfield>
  </datafield>
  <datafield tag="996" ind1=" " ind2=" ">
   <subfield code="1">PKVF</subfield>
   <subfield code="3">F194992m</subfield>
   <subfield code="4">N:P</subfield>
   <subfield code="5">3142208531</subfield>
   <subfield code="7">2006</subfield>
   <subfield code="8">20070212</subfield>
   <subfield code="9">336.2VAN</subfield>
   <subfield code="a">2006</subfield>
   <subfield code="b">2006</subfield>
   <subfield code="f">83</subfield>
   <subfield code="g">12115</subfield>
   <subfield code="h">2006</subfield>
   <subfield code="l">UEP01</subfield>
   <subfield code="m">BOOK</subfield>
   <subfield code="p">MI</subfield>
   <subfield code="q">KVF</subfield>
   <subfield code="t">na dislokovaném</subfield>
   <subfield code="u">UEP01</subfield>
   <subfield code="v">Ztráta</subfield>
   <subfield code="w">20070301</subfield>
  </datafield>
  <datafield tag="996" ind1=" " ind2=" ">
   <subfield code="1">PKVF</subfield>
   <subfield code="3">F204121d</subfield>
   <subfield code="4">N:P</subfield>
   <subfield code="5">3142236877</subfield>
   <subfield code="7">2010</subfield>
   <subfield code="8">20100406</subfield>
   <subfield code="9">336.2VAN</subfield>
   <subfield code="a">2010</subfield>
   <subfield code="b">2010</subfield>
   <subfield code="f">83</subfield>
   <subfield code="g">23415</subfield>
   <subfield code="h">2010</subfield>
   <subfield code="l">UEP01</subfield>
   <subfield code="m">BOOK</subfield>
   <subfield code="p">MI</subfield>
   <subfield code="q">KVF</subfield>
   <subfield code="t">na dislokovaném</subfield>
   <subfield code="u">UEP01</subfield>
   <subfield code="v">Ztráta</subfield>
   <subfield code="w">20100423</subfield>
  </datafield>
  <datafield tag="996" ind1=" " ind2=" ">
   <subfield code="1">PKVF</subfield>
   <subfield code="3">F204121l</subfield>
   <subfield code="4">N:P</subfield>
   <subfield code="5">3142243827</subfield>
   <subfield code="7">2010</subfield>
   <subfield code="8">20110106</subfield>
   <subfield code="9">336.2VAN</subfield>
   <subfield code="a">2010</subfield>
   <subfield code="b">2010</subfield>
   <subfield code="f">83</subfield>
   <subfield code="g">26482</subfield>
   <subfield code="h">2010</subfield>
   <subfield code="l">UEP01</subfield>
   <subfield code="m">BOOK</subfield>
   <subfield code="q">KVF</subfield>
   <subfield code="s">DISLOK: Finardi, Savina - ISIS59572</subfield>
   <subfield code="t">na dislokovaném</subfield>
   <subfield code="u">UEP01</subfield>
   <subfield code="w">20110111</subfield>
  </datafield>
  <datafield tag="996" ind1=" " ind2=" ">
   <subfield code="1">PKVF</subfield>
   <subfield code="3">F237731ch</subfield>
   <subfield code="4">N:P</subfield>
   <subfield code="5">3142370665</subfield>
   <subfield code="7">2024</subfield>
   <subfield code="8">20240913</subfield>
   <subfield code="9">336.2VAN</subfield>
   <subfield code="a">2024</subfield>
   <subfield code="b">2024</subfield>
   <subfield code="f">83</subfield>
   <subfield code="g">60916</subfield>
   <subfield code="h">2024</subfield>
   <subfield code="l">UEP01</subfield>
   <subfield code="m">BOOK</subfield>
   <subfield code="q">KVF</subfield>
   <subfield code="s">DISLOK: Zídková, Hana - ISIS33664</subfield>
   <subfield code="t">na dislokovaném</subfield>
   <subfield code="u">UEP01</subfield>
   <subfield code="w">20240919</subfield>
  </datafield>
  <datafield tag="996" ind1=" " ind2=" ">
   <subfield code="1">PKVF</subfield>
   <subfield code="3">F237731e</subfield>
   <subfield code="4">N:P</subfield>
   <subfield code="5">3142370661</subfield>
   <subfield code="7">2024</subfield>
   <subfield code="8">20240913</subfield>
   <subfield code="9">336.2VAN</subfield>
   <subfield code="a">2024</subfield>
   <subfield code="b">2024</subfield>
   <subfield code="f">83</subfield>
   <subfield code="g">60916</subfield>
   <subfield code="h">2024</subfield>
   <subfield code="l">UEP01</subfield>
   <subfield code="m">BOOK</subfield>
   <subfield code="q">KVF</subfield>
   <subfield code="s">DISLOK: Zídková, Hana - ISIS33664</subfield>
   <subfield code="t">na dislokovaném</subfield>
   <subfield code="u">UEP01</subfield>
   <subfield code="w">20240919</subfield>
  </datafield>
  <datafield tag="996" ind1=" " ind2=" ">
   <subfield code="1">PKVF</subfield>
   <subfield code="3">F237731f</subfield>
   <subfield code="4">N:P</subfield>
   <subfield code="5">3142370662</subfield>
   <subfield code="7">2024</subfield>
   <subfield code="8">20240913</subfield>
   <subfield code="9">336.2VAN</subfield>
   <subfield code="a">2024</subfield>
   <subfield code="b">2024</subfield>
   <subfield code="f">83</subfield>
   <subfield code="g">60916</subfield>
   <subfield code="h">2024</subfield>
   <subfield code="l">UEP01</subfield>
   <subfield code="m">BOOK</subfield>
   <subfield code="q">KVF</subfield>
   <subfield code="s">DISLOK: Zídková, Hana - ISIS33664</subfield>
   <subfield code="t">na dislokovaném</subfield>
   <subfield code="u">UEP01</subfield>
   <subfield code="w">20240919</subfield>
  </datafield>
  <datafield tag="996" ind1=" " ind2=" ">
   <subfield code="1">PKVF</subfield>
   <subfield code="3">F237731g</subfield>
   <subfield code="4">N:P</subfield>
   <subfield code="5">3142370663</subfield>
   <subfield code="7">2024</subfield>
   <subfield code="8">20240913</subfield>
   <subfield code="9">336.2VAN</subfield>
   <subfield code="a">2024</subfield>
   <subfield code="b">2024</subfield>
   <subfield code="f">83</subfield>
   <subfield code="g">60916</subfield>
   <subfield code="h">2024</subfield>
   <subfield code="l">UEP01</subfield>
   <subfield code="m">BOOK</subfield>
   <subfield code="q">KVF</subfield>
   <subfield code="s">DISLOK: Zídková, Hana - ISIS33664</subfield>
   <subfield code="t">na dislokovaném</subfield>
   <subfield code="u">UEP01</subfield>
   <subfield code="w">20240919</subfield>
  </datafield>
  <datafield tag="996" ind1=" " ind2=" ">
   <subfield code="1">PKVF</subfield>
   <subfield code="3">F237731h</subfield>
   <subfield code="4">N:P</subfield>
   <subfield code="5">3142370664</subfield>
   <subfield code="7">2024</subfield>
   <subfield code="8">20240913</subfield>
   <subfield code="9">336.2VAN</subfield>
   <subfield code="a">2024</subfield>
   <subfield code="b">2024</subfield>
   <subfield code="f">83</subfield>
   <subfield code="g">60916</subfield>
   <subfield code="h">2024</subfield>
   <subfield code="l">UEP01</subfield>
   <subfield code="m">BOOK</subfield>
   <subfield code="q">KVF</subfield>
   <subfield code="s">DISLOK: Zídková, Hana - ISIS33664</subfield>
   <subfield code="t">na dislokovaném</subfield>
   <subfield code="u">UEP01</subfield>
   <subfield code="w">20240919</subfield>
  </datafield>
  <datafield tag="996" ind1=" " ind2=" ">
   <subfield code="1">PKVF</subfield>
   <subfield code="3">F237731i</subfield>
   <subfield code="4">N:P</subfield>
   <subfield code="5">3142370666</subfield>
   <subfield code="7">2024</subfield>
   <subfield code="8">20240913</subfield>
   <subfield code="9">336.2VAN</subfield>
   <subfield code="a">2024</subfield>
   <subfield code="b">2024</subfield>
   <subfield code="f">83</subfield>
   <subfield code="g">60916</subfield>
   <subfield code="h">2024</subfield>
   <subfield code="l">UEP01</subfield>
   <subfield code="m">BOOK</subfield>
   <subfield code="q">KVF</subfield>
   <subfield code="s">DISLOK: Zídková, Hana - ISIS33664</subfield>
   <subfield code="t">na dislokovaném</subfield>
   <subfield code="u">UEP01</subfield>
   <subfield code="w">20240919</subfield>
  </datafield>
  <datafield tag="996" ind1=" " ind2=" ">
   <subfield code="1">PKVF</subfield>
   <subfield code="3">F237731j</subfield>
   <subfield code="4">N:P</subfield>
   <subfield code="5">3142370667</subfield>
   <subfield code="7">2024</subfield>
   <subfield code="8">20240913</subfield>
   <subfield code="9">336.2VAN</subfield>
   <subfield code="a">2024</subfield>
   <subfield code="b">2024</subfield>
   <subfield code="f">83</subfield>
   <subfield code="g">60916</subfield>
   <subfield code="h">2024</subfield>
   <subfield code="l">UEP01</subfield>
   <subfield code="m">BOOK</subfield>
   <subfield code="q">KVF</subfield>
   <subfield code="s">DISLOK: Zídková, Hana - ISIS33664</subfield>
   <subfield code="t">na dislokovaném</subfield>
   <subfield code="u">UEP01</subfield>
   <subfield code="w">20240919</subfield>
  </datafield>
  <datafield tag="996" ind1=" " ind2=" ">
   <subfield code="1">PKVF</subfield>
   <subfield code="3">F237731k</subfield>
   <subfield code="4">N:P</subfield>
   <subfield code="5">3142370668</subfield>
   <subfield code="7">2024</subfield>
   <subfield code="8">20240913</subfield>
   <subfield code="9">336.2VAN</subfield>
   <subfield code="a">2024</subfield>
   <subfield code="b">2024</subfield>
   <subfield code="f">83</subfield>
   <subfield code="g">60916</subfield>
   <subfield code="h">2024</subfield>
   <subfield code="l">UEP01</subfield>
   <subfield code="m">BOOK</subfield>
   <subfield code="q">KVF</subfield>
   <subfield code="s">DISLOK: Zídková, Hana - ISIS33664</subfield>
   <subfield code="t">na dislokovaném</subfield>
   <subfield code="u">UEP01</subfield>
   <subfield code="w">20240919</subfield>
  </datafield>
  <datafield tag="996" ind1=" " ind2=" ">
   <subfield code="1">PKVF</subfield>
   <subfield code="3">F237731l</subfield>
   <subfield code="4">N:P</subfield>
   <subfield code="5">3142370669</subfield>
   <subfield code="7">2024</subfield>
   <subfield code="8">20240913</subfield>
   <subfield code="9">336.2VAN</subfield>
   <subfield code="a">2024</subfield>
   <subfield code="b">2024</subfield>
   <subfield code="f">83</subfield>
   <subfield code="g">60916</subfield>
   <subfield code="h">2024</subfield>
   <subfield code="l">UEP01</subfield>
   <subfield code="m">BOOK</subfield>
   <subfield code="q">KVF</subfield>
   <subfield code="s">DISLOK: Zídková, Hana - ISIS33664</subfield>
   <subfield code="t">na dislokovaném</subfield>
   <subfield code="u">UEP01</subfield>
   <subfield code="w">20240919</subfield>
  </datafield>
  <datafield tag="996" ind1=" " ind2=" ">
   <subfield code="1">PKVF</subfield>
   <subfield code="3">F237731m</subfield>
   <subfield code="4">N:P</subfield>
   <subfield code="5">3142370670</subfield>
   <subfield code="7">2024</subfield>
   <subfield code="8">20240913</subfield>
   <subfield code="9">336.2VAN</subfield>
   <subfield code="a">2024</subfield>
   <subfield code="b">2024</subfield>
   <subfield code="f">83</subfield>
   <subfield code="g">60916</subfield>
   <subfield code="h">2024</subfield>
   <subfield code="l">UEP01</subfield>
   <subfield code="m">BOOK</subfield>
   <subfield code="q">KVF</subfield>
   <subfield code="s">DISLOK: Zídková, Hana - ISIS33664</subfield>
   <subfield code="t">na dislokovaném</subfield>
   <subfield code="u">UEP01</subfield>
   <subfield code="w">20240919</subfield>
  </datafield>
  <datafield tag="996" ind1=" " ind2=" ">
   <subfield code="1">PSCJ</subfield>
   <subfield code="3">F180498p</subfield>
   <subfield code="5">3142117783</subfield>
   <subfield code="7">2000</subfield>
   <subfield code="8">20030807</subfield>
   <subfield code="9">336.2VAN</subfield>
   <subfield code="a">2000</subfield>
   <subfield code="b">2000</subfield>
   <subfield code="f">85</subfield>
   <subfield code="h">2000</subfield>
   <subfield code="l">UEP01</subfield>
   <subfield code="m">BOOK</subfield>
   <subfield code="p">MI</subfield>
   <subfield code="q">*Studijní centrum Jarov</subfield>
   <subfield code="t">prezenční</subfield>
   <subfield code="u">UEP01</subfield>
   <subfield code="v">Ztráta</subfield>
   <subfield code="w">20030918</subfield>
  </datafield>
  <datafield tag="996" ind1=" " ind2=" ">
   <subfield code="1">PSKLA</subfield>
   <subfield code="3">F171292l</subfield>
   <subfield code="5">3142043365</subfield>
   <subfield code="7">1997</subfield>
   <subfield code="8">20030807</subfield>
   <subfield code="9">336.2VAN</subfield>
   <subfield code="a">1997</subfield>
   <subfield code="b">1997</subfield>
   <subfield code="f">81</subfield>
   <subfield code="h">1997</subfield>
   <subfield code="l">UEP01</subfield>
   <subfield code="m">BOOK</subfield>
   <subfield code="p">MI</subfield>
   <subfield code="q">Knihovna Žižkov - sklad</subfield>
   <subfield code="t">na 1 měsíc</subfield>
   <subfield code="u">UEP01</subfield>
   <subfield code="v">Ztráta</subfield>
   <subfield code="w">20030918</subfield>
  </datafield>
  <datafield tag="996" ind1=" " ind2=" ">
   <subfield code="1">PSKLA</subfield>
   <subfield code="3">F182842cc</subfield>
   <subfield code="5">3142158077</subfield>
   <subfield code="7">2001</subfield>
   <subfield code="8">20030807</subfield>
   <subfield code="9">336.2VAN</subfield>
   <subfield code="a">2001</subfield>
   <subfield code="b">2001</subfield>
   <subfield code="f">81</subfield>
   <subfield code="h">2001</subfield>
   <subfield code="l">UEP01</subfield>
   <subfield code="m">BOOK</subfield>
   <subfield code="p">MI</subfield>
   <subfield code="q">Knihovna Žižkov - sklad</subfield>
   <subfield code="t">na 1 měsíc</subfield>
   <subfield code="u">UEP01</subfield>
   <subfield code="v">Ztráta</subfield>
   <subfield code="w">20031104</subfield>
  </datafield>
  <datafield tag="996" ind1=" " ind2=" ">
   <subfield code="1">PSKLA</subfield>
   <subfield code="3">F185075ch</subfield>
   <subfield code="5">3142150994</subfield>
   <subfield code="7">2002</subfield>
   <subfield code="8">20030807</subfield>
   <subfield code="9">336.2VAN</subfield>
   <subfield code="a">2002</subfield>
   <subfield code="b">2002</subfield>
   <subfield code="f">81</subfield>
   <subfield code="h">2002</subfield>
   <subfield code="l">UEP01</subfield>
   <subfield code="m">BOOK</subfield>
   <subfield code="p">MI</subfield>
   <subfield code="q">Knihovna Žižkov - sklad</subfield>
   <subfield code="t">na 1 měsíc</subfield>
   <subfield code="u">UEP01</subfield>
   <subfield code="v">Ztráta</subfield>
   <subfield code="w">20050906</subfield>
  </datafield>
  <datafield tag="996" ind1=" " ind2=" ">
   <subfield code="1">PSKLA</subfield>
   <subfield code="3">F185075k</subfield>
   <subfield code="5">3142150997</subfield>
   <subfield code="7">2002</subfield>
   <subfield code="8">20030807</subfield>
   <subfield code="9">336.2VAN</subfield>
   <subfield code="a">2002</subfield>
   <subfield code="b">2002</subfield>
   <subfield code="f">81</subfield>
   <subfield code="h">2002</subfield>
   <subfield code="l">UEP01</subfield>
   <subfield code="m">BOOK</subfield>
   <subfield code="p">MI</subfield>
   <subfield code="q">Knihovna Žižkov - sklad</subfield>
   <subfield code="t">na 1 měsíc</subfield>
   <subfield code="u">UEP01</subfield>
   <subfield code="v">Ztráta</subfield>
   <subfield code="w">20030918</subfield>
  </datafield>
  <datafield tag="996" ind1=" " ind2=" ">
   <subfield code="1">PSKLA</subfield>
   <subfield code="3">F188283</subfield>
   <subfield code="4">N:náhrada;odpis říjen 2013</subfield>
   <subfield code="5">3142173561</subfield>
   <subfield code="7">2002</subfield>
   <subfield code="8">20031104</subfield>
   <subfield code="9">336.2VAN</subfield>
   <subfield code="a">2002</subfield>
   <subfield code="b">2002</subfield>
   <subfield code="f">81</subfield>
   <subfield code="h">2002</subfield>
   <subfield code="l">UEP01</subfield>
   <subfield code="m">BOOK</subfield>
   <subfield code="p">MI</subfield>
   <subfield code="q">Knihovna Žižkov - sklad</subfield>
   <subfield code="t">na 1 měsíc</subfield>
   <subfield code="u">UEP01</subfield>
   <subfield code="v">Ztráta</subfield>
   <subfield code="w">20040503</subfield>
  </datafield>
  <datafield tag="996" ind1=" " ind2=" ">
   <subfield code="1">PSKLA</subfield>
   <subfield code="3">F189908f</subfield>
   <subfield code="4">N:G</subfield>
   <subfield code="5">3142216710</subfield>
   <subfield code="7">2004</subfield>
   <subfield code="8">20080117</subfield>
   <subfield code="9">336.2VAN</subfield>
   <subfield code="a">2004</subfield>
   <subfield code="b">2004</subfield>
   <subfield code="f">81</subfield>
   <subfield code="h">2004</subfield>
   <subfield code="l">UEP01</subfield>
   <subfield code="m">BOOK</subfield>
   <subfield code="p">MI</subfield>
   <subfield code="q">Knihovna Žižkov - sklad</subfield>
   <subfield code="s">Právničce k vymáhání 14.3.2014; odepsáno 29.5. 2014</subfield>
   <subfield code="t">na 1 měsíc</subfield>
   <subfield code="u">UEP01</subfield>
   <subfield code="v">Ztráta</subfield>
   <subfield code="w">20080117</subfield>
  </datafield>
  <datafield tag="996" ind1=" " ind2=" ">
   <subfield code="1">PSKLA</subfield>
   <subfield code="3">F194992a</subfield>
   <subfield code="4">N:P</subfield>
   <subfield code="5">3142202893</subfield>
   <subfield code="7">2006</subfield>
   <subfield code="8">20060830</subfield>
   <subfield code="9">336.2VAN</subfield>
   <subfield code="a">2006</subfield>
   <subfield code="b">2006</subfield>
   <subfield code="f">81</subfield>
   <subfield code="g">9658</subfield>
   <subfield code="h">2006</subfield>
   <subfield code="l">UEP01</subfield>
   <subfield code="m">BOOK</subfield>
   <subfield code="p">MI</subfield>
   <subfield code="q">Knihovna Žižkov - sklad</subfield>
   <subfield code="s">Poškozeno</subfield>
   <subfield code="t">na 1 měsíc</subfield>
   <subfield code="u">UEP01</subfield>
   <subfield code="v">Ztráta</subfield>
   <subfield code="w">20060907</subfield>
  </datafield>
  <datafield tag="996" ind1=" " ind2=" ">
   <subfield code="1">PSKLA</subfield>
   <subfield code="3">F194992p</subfield>
   <subfield code="4">N:G</subfield>
   <subfield code="5">3142215095</subfield>
   <subfield code="7">2006</subfield>
   <subfield code="8">20080111</subfield>
   <subfield code="9">336.2VAN</subfield>
   <subfield code="a">2006</subfield>
   <subfield code="b">2006</subfield>
   <subfield code="f">81</subfield>
   <subfield code="h">2006</subfield>
   <subfield code="l">UEP01</subfield>
   <subfield code="m">BOOK</subfield>
   <subfield code="q">Knihovna Žižkov - sklad</subfield>
   <subfield code="t">na 1 měsíc</subfield>
   <subfield code="u">UEP01</subfield>
   <subfield code="w">20080111</subfield>
  </datafield>
  <datafield tag="996" ind1=" " ind2=" ">
   <subfield code="1">PSKLA</subfield>
   <subfield code="3">F194992q</subfield>
   <subfield code="4">N:náhrada</subfield>
   <subfield code="5">3142192364</subfield>
   <subfield code="7">2006</subfield>
   <subfield code="8">20080725</subfield>
   <subfield code="9">336.2VAN</subfield>
   <subfield code="a">2006</subfield>
   <subfield code="b">2006</subfield>
   <subfield code="f">81</subfield>
   <subfield code="h">2006</subfield>
   <subfield code="l">UEP01</subfield>
   <subfield code="m">BOOK</subfield>
   <subfield code="q">Knihovna Žižkov - sklad</subfield>
   <subfield code="t">na 1 měsíc</subfield>
   <subfield code="u">UEP01</subfield>
   <subfield code="w">20080725</subfield>
  </datafield>
  <datafield tag="996" ind1=" " ind2=" ">
   <subfield code="1">PSKLA</subfield>
   <subfield code="3">F198994ch</subfield>
   <subfield code="4">N:náhrada</subfield>
   <subfield code="5">3142245498</subfield>
   <subfield code="7">2008</subfield>
   <subfield code="8">20110317</subfield>
   <subfield code="9">336.2VAN</subfield>
   <subfield code="a">2008</subfield>
   <subfield code="b">2008</subfield>
   <subfield code="f">81</subfield>
   <subfield code="h">2008</subfield>
   <subfield code="l">UEP01</subfield>
   <subfield code="m">BOOK</subfield>
   <subfield code="q">Knihovna Žižkov - sklad</subfield>
   <subfield code="t">na 1 měsíc</subfield>
   <subfield code="u">UEP01</subfield>
   <subfield code="w">20110317</subfield>
  </datafield>
  <datafield tag="996" ind1=" " ind2=" ">
   <subfield code="1">PSKLA</subfield>
   <subfield code="3">F198994g</subfield>
   <subfield code="4">N:P</subfield>
   <subfield code="5">3142224119</subfield>
   <subfield code="7">2008</subfield>
   <subfield code="8">20081023</subfield>
   <subfield code="9">336.2VAN</subfield>
   <subfield code="a">2008</subfield>
   <subfield code="b">2008</subfield>
   <subfield code="f">81</subfield>
   <subfield code="g">17999</subfield>
   <subfield code="h">2008</subfield>
   <subfield code="l">UEP01</subfield>
   <subfield code="m">BOOK</subfield>
   <subfield code="q">Knihovna Žižkov - sklad</subfield>
   <subfield code="t">na 1 měsíc</subfield>
   <subfield code="u">UEP01</subfield>
   <subfield code="w">20081106</subfield>
  </datafield>
  <datafield tag="996" ind1=" " ind2=" ">
   <subfield code="1">PSKLA</subfield>
   <subfield code="3">F204121e</subfield>
   <subfield code="4">N:P</subfield>
   <subfield code="5">3142236878</subfield>
   <subfield code="7">2010</subfield>
   <subfield code="8">20100406</subfield>
   <subfield code="9">336.2VAN</subfield>
   <subfield code="a">2010</subfield>
   <subfield code="b">2010</subfield>
   <subfield code="f">81</subfield>
   <subfield code="g">23415</subfield>
   <subfield code="h">2010</subfield>
   <subfield code="l">UEP01</subfield>
   <subfield code="m">BOOK</subfield>
   <subfield code="q">Knihovna Žižkov - sklad</subfield>
   <subfield code="t">na 1 měsíc</subfield>
   <subfield code="u">UEP01</subfield>
   <subfield code="w">20100423</subfield>
  </datafield>
  <datafield tag="996" ind1=" " ind2=" ">
   <subfield code="1">PSKLA</subfield>
   <subfield code="3">F204121o</subfield>
   <subfield code="4">N:náhrada</subfield>
   <subfield code="5">3142260204</subfield>
   <subfield code="7">2010</subfield>
   <subfield code="8">20121003</subfield>
   <subfield code="9">336.2VAN</subfield>
   <subfield code="a">2010</subfield>
   <subfield code="b">2010</subfield>
   <subfield code="f">81</subfield>
   <subfield code="h">2010</subfield>
   <subfield code="l">UEP01</subfield>
   <subfield code="m">BOOK</subfield>
   <subfield code="q">Knihovna Žižkov - sklad</subfield>
   <subfield code="t">na 1 měsíc</subfield>
   <subfield code="u">UEP01</subfield>
   <subfield code="w">20121003</subfield>
  </datafield>
  <datafield tag="996" ind1=" " ind2=" ">
   <subfield code="1">PSKLA</subfield>
   <subfield code="3">F204121p</subfield>
   <subfield code="4">N:náhrada</subfield>
   <subfield code="5">3142260205</subfield>
   <subfield code="7">2010</subfield>
   <subfield code="8">20121003</subfield>
   <subfield code="9">336.2VAN</subfield>
   <subfield code="a">2010</subfield>
   <subfield code="b">2010</subfield>
   <subfield code="f">81</subfield>
   <subfield code="h">2010</subfield>
   <subfield code="l">UEP01</subfield>
   <subfield code="m">BOOK</subfield>
   <subfield code="q">Knihovna Žižkov - sklad</subfield>
   <subfield code="t">na 1 měsíc</subfield>
   <subfield code="u">UEP01</subfield>
   <subfield code="w">20121003</subfield>
  </datafield>
  <datafield tag="996" ind1=" " ind2=" ">
   <subfield code="1">PSKLA</subfield>
   <subfield code="3">F212766ch</subfield>
   <subfield code="4">N:G</subfield>
   <subfield code="5">3142277440</subfield>
   <subfield code="7">2012</subfield>
   <subfield code="8">20141002</subfield>
   <subfield code="9">336.2VAN</subfield>
   <subfield code="a">2012</subfield>
   <subfield code="b">2012</subfield>
   <subfield code="f">81</subfield>
   <subfield code="h">2012</subfield>
   <subfield code="l">UEP01</subfield>
   <subfield code="m">BOOK</subfield>
   <subfield code="q">Knihovna Žižkov - sklad</subfield>
   <subfield code="t">na 1 měsíc</subfield>
   <subfield code="u">UEP01</subfield>
   <subfield code="w">20141003</subfield>
  </datafield>
  <datafield tag="996" ind1=" " ind2=" ">
   <subfield code="1">PSKLA</subfield>
   <subfield code="3">F212766g</subfield>
   <subfield code="4">N:náhrada</subfield>
   <subfield code="5">3142275445</subfield>
   <subfield code="7">2012</subfield>
   <subfield code="8">20140909</subfield>
   <subfield code="9">336.2VAN</subfield>
   <subfield code="a">2012</subfield>
   <subfield code="b">2012</subfield>
   <subfield code="f">81</subfield>
   <subfield code="h">2012</subfield>
   <subfield code="l">UEP01</subfield>
   <subfield code="m">BOOK</subfield>
   <subfield code="q">Knihovna Žižkov - sklad</subfield>
   <subfield code="t">na 1 měsíc</subfield>
   <subfield code="u">UEP01</subfield>
   <subfield code="w">20140909</subfield>
  </datafield>
  <datafield tag="996" ind1=" " ind2=" ">
   <subfield code="1">PSKLA</subfield>
   <subfield code="3">F212766h</subfield>
   <subfield code="4">N:náhrada</subfield>
   <subfield code="5">3142275446</subfield>
   <subfield code="7">2012</subfield>
   <subfield code="8">20140909</subfield>
   <subfield code="9">336.2VAN</subfield>
   <subfield code="a">2012</subfield>
   <subfield code="b">2012</subfield>
   <subfield code="f">81</subfield>
   <subfield code="h">2012</subfield>
   <subfield code="l">UEP01</subfield>
   <subfield code="m">BOOK</subfield>
   <subfield code="q">Knihovna Žižkov - sklad</subfield>
   <subfield code="t">na 1 měsíc</subfield>
   <subfield code="u">UEP01</subfield>
   <subfield code="w">20140909</subfield>
  </datafield>
  <datafield tag="996" ind1=" " ind2=" ">
   <subfield code="1">PSKLA</subfield>
   <subfield code="3">F217673b</subfield>
   <subfield code="4">N:P</subfield>
   <subfield code="5">3142274345</subfield>
   <subfield code="7">2014</subfield>
   <subfield code="8">20140424</subfield>
   <subfield code="9">336.2VAN</subfield>
   <subfield code="a">2014</subfield>
   <subfield code="b">2014</subfield>
   <subfield code="f">81</subfield>
   <subfield code="g">38992</subfield>
   <subfield code="h">2014</subfield>
   <subfield code="l">UEP01</subfield>
   <subfield code="m">BOOK</subfield>
   <subfield code="q">Knihovna Žižkov - sklad</subfield>
   <subfield code="t">na 1 měsíc</subfield>
   <subfield code="u">UEP01</subfield>
   <subfield code="w">20140425</subfield>
  </datafield>
  <datafield tag="996" ind1=" " ind2=" ">
   <subfield code="1">PSKLA</subfield>
   <subfield code="3">F217673c</subfield>
   <subfield code="4">N:P</subfield>
   <subfield code="5">3142274346</subfield>
   <subfield code="7">2014</subfield>
   <subfield code="8">20140424</subfield>
   <subfield code="9">336.2VAN</subfield>
   <subfield code="a">2014</subfield>
   <subfield code="b">2014</subfield>
   <subfield code="f">81</subfield>
   <subfield code="g">38992</subfield>
   <subfield code="h">2014</subfield>
   <subfield code="l">UEP01</subfield>
   <subfield code="m">BOOK</subfield>
   <subfield code="q">Knihovna Žižkov - sklad</subfield>
   <subfield code="t">na 1 měsíc</subfield>
   <subfield code="u">UEP01</subfield>
   <subfield code="w">20140425</subfield>
  </datafield>
  <datafield tag="996" ind1=" " ind2=" ">
   <subfield code="1">PSKLA</subfield>
   <subfield code="3">F217673ch</subfield>
   <subfield code="4">N:P</subfield>
   <subfield code="5">3142278589</subfield>
   <subfield code="7">2014</subfield>
   <subfield code="8">20141023</subfield>
   <subfield code="9">336.2VAN</subfield>
   <subfield code="a">2014</subfield>
   <subfield code="b">2014</subfield>
   <subfield code="f">81</subfield>
   <subfield code="g">40614</subfield>
   <subfield code="h">2014</subfield>
   <subfield code="l">UEP01</subfield>
   <subfield code="m">BOOK</subfield>
   <subfield code="q">Knihovna Žižkov - sklad</subfield>
   <subfield code="t">na 1 měsíc</subfield>
   <subfield code="u">UEP01</subfield>
   <subfield code="w">20141119</subfield>
  </datafield>
  <datafield tag="996" ind1=" " ind2=" ">
   <subfield code="1">PSKLA</subfield>
   <subfield code="3">F217673d</subfield>
   <subfield code="4">N:P</subfield>
   <subfield code="5">3142274347</subfield>
   <subfield code="7">2014</subfield>
   <subfield code="8">20140424</subfield>
   <subfield code="9">336.2VAN</subfield>
   <subfield code="a">2014</subfield>
   <subfield code="b">2014</subfield>
   <subfield code="f">81</subfield>
   <subfield code="g">38992</subfield>
   <subfield code="h">2014</subfield>
   <subfield code="l">UEP01</subfield>
   <subfield code="m">BOOK</subfield>
   <subfield code="q">Knihovna Žižkov - sklad</subfield>
   <subfield code="t">na 1 měsíc</subfield>
   <subfield code="u">UEP01</subfield>
   <subfield code="w">20140425</subfield>
  </datafield>
  <datafield tag="996" ind1=" " ind2=" ">
   <subfield code="1">PSKLA</subfield>
   <subfield code="3">F217673e</subfield>
   <subfield code="4">N:P</subfield>
   <subfield code="5">3142274348</subfield>
   <subfield code="7">2014</subfield>
   <subfield code="8">20140424</subfield>
   <subfield code="9">336.2VAN</subfield>
   <subfield code="a">2014</subfield>
   <subfield code="b">2014</subfield>
   <subfield code="f">81</subfield>
   <subfield code="g">38992</subfield>
   <subfield code="h">2014</subfield>
   <subfield code="l">UEP01</subfield>
   <subfield code="m">BOOK</subfield>
   <subfield code="q">Knihovna Žižkov - sklad</subfield>
   <subfield code="t">na 1 měsíc</subfield>
   <subfield code="u">UEP01</subfield>
   <subfield code="w">20140425</subfield>
  </datafield>
  <datafield tag="996" ind1=" " ind2=" ">
   <subfield code="1">PSKLA</subfield>
   <subfield code="3">F217673g</subfield>
   <subfield code="4">N:P</subfield>
   <subfield code="5">3142278587</subfield>
   <subfield code="7">2014</subfield>
   <subfield code="8">20141023</subfield>
   <subfield code="9">336.2VAN</subfield>
   <subfield code="a">2014</subfield>
   <subfield code="b">2014</subfield>
   <subfield code="f">81</subfield>
   <subfield code="g">40614</subfield>
   <subfield code="h">2014</subfield>
   <subfield code="l">UEP01</subfield>
   <subfield code="m">BOOK</subfield>
   <subfield code="q">Knihovna Žižkov - sklad</subfield>
   <subfield code="t">na 1 měsíc</subfield>
   <subfield code="u">UEP01</subfield>
   <subfield code="w">20141119</subfield>
  </datafield>
  <datafield tag="996" ind1=" " ind2=" ">
   <subfield code="1">PSKLA</subfield>
   <subfield code="3">F217673h</subfield>
   <subfield code="4">N:P</subfield>
   <subfield code="5">3142278588</subfield>
   <subfield code="7">2014</subfield>
   <subfield code="8">20141023</subfield>
   <subfield code="9">336.2VAN</subfield>
   <subfield code="a">2014</subfield>
   <subfield code="b">2014</subfield>
   <subfield code="f">81</subfield>
   <subfield code="g">40614</subfield>
   <subfield code="h">2014</subfield>
   <subfield code="l">UEP01</subfield>
   <subfield code="m">BOOK</subfield>
   <subfield code="q">Knihovna Žižkov - sklad</subfield>
   <subfield code="t">na 1 měsíc</subfield>
   <subfield code="u">UEP01</subfield>
   <subfield code="w">20141119</subfield>
  </datafield>
  <datafield tag="996" ind1=" " ind2=" ">
   <subfield code="1">PSKLA</subfield>
   <subfield code="3">F217673j</subfield>
   <subfield code="4">N:P</subfield>
   <subfield code="5">3142280662</subfield>
   <subfield code="7">2014</subfield>
   <subfield code="8">20150226</subfield>
   <subfield code="9">336.2VAN</subfield>
   <subfield code="a">2014</subfield>
   <subfield code="b">2014</subfield>
   <subfield code="f">81</subfield>
   <subfield code="g">41516</subfield>
   <subfield code="h">2014</subfield>
   <subfield code="l">UEP01</subfield>
   <subfield code="m">BOOK</subfield>
   <subfield code="q">Knihovna Žižkov - sklad</subfield>
   <subfield code="t">na 1 měsíc</subfield>
   <subfield code="u">UEP01</subfield>
   <subfield code="w">20150227</subfield>
  </datafield>
  <datafield tag="996" ind1=" " ind2=" ">
   <subfield code="1">PSKLA</subfield>
   <subfield code="3">F217673m</subfield>
   <subfield code="4">N:G</subfield>
   <subfield code="5">3142310788</subfield>
   <subfield code="7">2014</subfield>
   <subfield code="8">20180207</subfield>
   <subfield code="9">336.2VAN</subfield>
   <subfield code="a">2014</subfield>
   <subfield code="b">2014</subfield>
   <subfield code="f">81</subfield>
   <subfield code="h">2014</subfield>
   <subfield code="l">UEP01</subfield>
   <subfield code="m">BOOK</subfield>
   <subfield code="q">Knihovna Žižkov - sklad</subfield>
   <subfield code="t">na 1 měsíc</subfield>
   <subfield code="u">UEP01</subfield>
   <subfield code="w">20180207</subfield>
  </datafield>
  <datafield tag="996" ind1=" " ind2=" ">
   <subfield code="1">PSKLA</subfield>
   <subfield code="3">F217673n</subfield>
   <subfield code="4">N:náhrada</subfield>
   <subfield code="5">3142343480</subfield>
   <subfield code="7">2014</subfield>
   <subfield code="8">20210224</subfield>
   <subfield code="9">336.2VAN</subfield>
   <subfield code="a">2014</subfield>
   <subfield code="b">2014</subfield>
   <subfield code="f">81</subfield>
   <subfield code="h">2014</subfield>
   <subfield code="l">UEP01</subfield>
   <subfield code="m">BOOK</subfield>
   <subfield code="q">Knihovna Žižkov - sklad</subfield>
   <subfield code="t">na 1 měsíc</subfield>
   <subfield code="u">UEP01</subfield>
   <subfield code="w">20210225</subfield>
  </datafield>
  <datafield tag="996" ind1=" " ind2=" ">
   <subfield code="1">PSKLA</subfield>
   <subfield code="3">F223847b</subfield>
   <subfield code="4">N:P</subfield>
   <subfield code="5">3142291851</subfield>
   <subfield code="7">2016</subfield>
   <subfield code="8">20160517</subfield>
   <subfield code="9">336.2VAN</subfield>
   <subfield code="a">2016</subfield>
   <subfield code="b">2016</subfield>
   <subfield code="f">81</subfield>
   <subfield code="g">44676</subfield>
   <subfield code="h">2016</subfield>
   <subfield code="l">UEP01</subfield>
   <subfield code="m">BOOK</subfield>
   <subfield code="q">Knihovna Žižkov - sklad</subfield>
   <subfield code="t">na 1 měsíc</subfield>
   <subfield code="u">UEP01</subfield>
   <subfield code="w">20160524</subfield>
  </datafield>
  <datafield tag="996" ind1=" " ind2=" ">
   <subfield code="1">PSKLA</subfield>
   <subfield code="3">F223847c</subfield>
   <subfield code="4">N:P</subfield>
   <subfield code="5">3142291852</subfield>
   <subfield code="7">2016</subfield>
   <subfield code="8">20160517</subfield>
   <subfield code="9">336.2VAN</subfield>
   <subfield code="a">2016</subfield>
   <subfield code="b">2016</subfield>
   <subfield code="f">81</subfield>
   <subfield code="g">44676</subfield>
   <subfield code="h">2016</subfield>
   <subfield code="l">UEP01</subfield>
   <subfield code="m">BOOK</subfield>
   <subfield code="q">Knihovna Žižkov - sklad</subfield>
   <subfield code="t">na 1 měsíc</subfield>
   <subfield code="u">UEP01</subfield>
   <subfield code="w">20160524</subfield>
  </datafield>
  <datafield tag="996" ind1=" " ind2=" ">
   <subfield code="1">PSKLA</subfield>
   <subfield code="3">F223847ch</subfield>
   <subfield code="4">N:P</subfield>
   <subfield code="5">3142297059</subfield>
   <subfield code="7">2016</subfield>
   <subfield code="8">20161118</subfield>
   <subfield code="9">336.2VAN</subfield>
   <subfield code="a">2016</subfield>
   <subfield code="b">2016</subfield>
   <subfield code="f">81</subfield>
   <subfield code="g">46107</subfield>
   <subfield code="h">2016</subfield>
   <subfield code="l">UEP01</subfield>
   <subfield code="m">BOOK</subfield>
   <subfield code="q">Knihovna Žižkov - sklad</subfield>
   <subfield code="t">na 1 měsíc</subfield>
   <subfield code="u">UEP01</subfield>
   <subfield code="w">20161130</subfield>
  </datafield>
  <datafield tag="996" ind1=" " ind2=" ">
   <subfield code="1">PSKLA</subfield>
   <subfield code="3">F223847d</subfield>
   <subfield code="4">N:P</subfield>
   <subfield code="5">3142291853</subfield>
   <subfield code="7">2016</subfield>
   <subfield code="8">20160517</subfield>
   <subfield code="9">336.2VAN</subfield>
   <subfield code="a">2016</subfield>
   <subfield code="b">2016</subfield>
   <subfield code="f">81</subfield>
   <subfield code="g">44676</subfield>
   <subfield code="h">2016</subfield>
   <subfield code="l">UEP01</subfield>
   <subfield code="m">BOOK</subfield>
   <subfield code="q">Knihovna Žižkov - sklad</subfield>
   <subfield code="t">na 1 měsíc</subfield>
   <subfield code="u">UEP01</subfield>
   <subfield code="w">20160524</subfield>
  </datafield>
  <datafield tag="996" ind1=" " ind2=" ">
   <subfield code="1">PSKLA</subfield>
   <subfield code="3">F223847e</subfield>
   <subfield code="4">N:P</subfield>
   <subfield code="5">3142291854</subfield>
   <subfield code="7">2016</subfield>
   <subfield code="8">20160517</subfield>
   <subfield code="9">336.2VAN</subfield>
   <subfield code="a">2016</subfield>
   <subfield code="b">2016</subfield>
   <subfield code="f">81</subfield>
   <subfield code="g">44676</subfield>
   <subfield code="h">2016</subfield>
   <subfield code="l">UEP01</subfield>
   <subfield code="m">BOOK</subfield>
   <subfield code="q">Knihovna Žižkov - sklad</subfield>
   <subfield code="t">na 1 měsíc</subfield>
   <subfield code="u">UEP01</subfield>
   <subfield code="w">20160524</subfield>
  </datafield>
  <datafield tag="996" ind1=" " ind2=" ">
   <subfield code="1">PSKLA</subfield>
   <subfield code="3">F223847f</subfield>
   <subfield code="4">N:P</subfield>
   <subfield code="5">3142291855</subfield>
   <subfield code="7">2016</subfield>
   <subfield code="8">20160517</subfield>
   <subfield code="9">336.2VAN</subfield>
   <subfield code="a">2016</subfield>
   <subfield code="b">2016</subfield>
   <subfield code="f">81</subfield>
   <subfield code="g">44676</subfield>
   <subfield code="h">2016</subfield>
   <subfield code="l">UEP01</subfield>
   <subfield code="m">BOOK</subfield>
   <subfield code="q">Knihovna Žižkov - sklad</subfield>
   <subfield code="t">na 1 měsíc</subfield>
   <subfield code="u">UEP01</subfield>
   <subfield code="w">20160524</subfield>
  </datafield>
  <datafield tag="996" ind1=" " ind2=" ">
   <subfield code="1">PSKLA</subfield>
   <subfield code="3">F223847j</subfield>
   <subfield code="4">N:G</subfield>
   <subfield code="5">3142333392</subfield>
   <subfield code="7">2016</subfield>
   <subfield code="8">20191031</subfield>
   <subfield code="9">336.2VAN</subfield>
   <subfield code="a">2016</subfield>
   <subfield code="b">2016</subfield>
   <subfield code="f">81</subfield>
   <subfield code="h">2016</subfield>
   <subfield code="l">UEP01</subfield>
   <subfield code="m">BOOK</subfield>
   <subfield code="q">Knihovna Žižkov - sklad</subfield>
   <subfield code="t">na 1 měsíc</subfield>
   <subfield code="u">UEP01</subfield>
   <subfield code="w">20191031</subfield>
  </datafield>
  <datafield tag="996" ind1=" " ind2=" ">
   <subfield code="1">PSKLA</subfield>
   <subfield code="3">F223847k</subfield>
   <subfield code="4">N:náhrada</subfield>
   <subfield code="5">3142340470</subfield>
   <subfield code="7">2016</subfield>
   <subfield code="8">20200831</subfield>
   <subfield code="9">336.2VAN</subfield>
   <subfield code="a">2016</subfield>
   <subfield code="b">2016</subfield>
   <subfield code="f">81</subfield>
   <subfield code="h">2016</subfield>
   <subfield code="l">UEP01</subfield>
   <subfield code="m">BOOK</subfield>
   <subfield code="q">Knihovna Žižkov - sklad</subfield>
   <subfield code="t">na 1 měsíc</subfield>
   <subfield code="u">UEP01</subfield>
   <subfield code="w">20200831</subfield>
  </datafield>
  <datafield tag="996" ind1=" " ind2=" ">
   <subfield code="1">PSKLA</subfield>
   <subfield code="3">F229098b</subfield>
   <subfield code="4">N:P</subfield>
   <subfield code="5">3142325380</subfield>
   <subfield code="7">2018</subfield>
   <subfield code="8">20190327</subfield>
   <subfield code="9">336.2VAN</subfield>
   <subfield code="a">2018</subfield>
   <subfield code="b">2018</subfield>
   <subfield code="f">81</subfield>
   <subfield code="g">50711</subfield>
   <subfield code="h">2018</subfield>
   <subfield code="l">UEP01</subfield>
   <subfield code="m">BOOK</subfield>
   <subfield code="q">Knihovna Žižkov - sklad</subfield>
   <subfield code="t">na 1 měsíc</subfield>
   <subfield code="u">UEP01</subfield>
   <subfield code="w">20190328</subfield>
  </datafield>
  <datafield tag="996" ind1=" " ind2=" ">
   <subfield code="1">PSKLA</subfield>
   <subfield code="3">F229098c</subfield>
   <subfield code="4">N:P</subfield>
   <subfield code="5">3142325381</subfield>
   <subfield code="7">2018</subfield>
   <subfield code="8">20190327</subfield>
   <subfield code="9">336.2VAN</subfield>
   <subfield code="a">2018</subfield>
   <subfield code="b">2018</subfield>
   <subfield code="f">81</subfield>
   <subfield code="g">50711</subfield>
   <subfield code="h">2018</subfield>
   <subfield code="l">UEP01</subfield>
   <subfield code="m">BOOK</subfield>
   <subfield code="q">Knihovna Žižkov - sklad</subfield>
   <subfield code="t">na 1 měsíc</subfield>
   <subfield code="u">UEP01</subfield>
   <subfield code="w">20190328</subfield>
  </datafield>
  <datafield tag="996" ind1=" " ind2=" ">
   <subfield code="1">PSKLA</subfield>
   <subfield code="3">F229098d</subfield>
   <subfield code="4">N:P</subfield>
   <subfield code="5">3142325382</subfield>
   <subfield code="7">2018</subfield>
   <subfield code="8">20190327</subfield>
   <subfield code="9">336.2VAN</subfield>
   <subfield code="a">2018</subfield>
   <subfield code="b">2018</subfield>
   <subfield code="f">81</subfield>
   <subfield code="g">50711</subfield>
   <subfield code="h">2018</subfield>
   <subfield code="l">UEP01</subfield>
   <subfield code="m">BOOK</subfield>
   <subfield code="q">Knihovna Žižkov - sklad</subfield>
   <subfield code="t">na 1 měsíc</subfield>
   <subfield code="u">UEP01</subfield>
   <subfield code="w">20190328</subfield>
  </datafield>
  <datafield tag="996" ind1=" " ind2=" ">
   <subfield code="1">PSKLA</subfield>
   <subfield code="3">F229098e</subfield>
   <subfield code="4">N:P</subfield>
   <subfield code="5">3142325383</subfield>
   <subfield code="7">2018</subfield>
   <subfield code="8">20190327</subfield>
   <subfield code="9">336.2VAN</subfield>
   <subfield code="a">2018</subfield>
   <subfield code="b">2018</subfield>
   <subfield code="f">81</subfield>
   <subfield code="g">50711</subfield>
   <subfield code="h">2018</subfield>
   <subfield code="l">UEP01</subfield>
   <subfield code="m">BOOK</subfield>
   <subfield code="q">Knihovna Žižkov - sklad</subfield>
   <subfield code="t">na 1 měsíc</subfield>
   <subfield code="u">UEP01</subfield>
   <subfield code="w">20190328</subfield>
  </datafield>
  <datafield tag="996" ind1=" " ind2=" ">
   <subfield code="1">PSKLA</subfield>
   <subfield code="3">F229098f</subfield>
   <subfield code="4">N:P</subfield>
   <subfield code="5">3142325384</subfield>
   <subfield code="7">2018</subfield>
   <subfield code="8">20190327</subfield>
   <subfield code="9">336.2VAN</subfield>
   <subfield code="a">2018</subfield>
   <subfield code="b">2018</subfield>
   <subfield code="f">81</subfield>
   <subfield code="g">50711</subfield>
   <subfield code="h">2018</subfield>
   <subfield code="l">UEP01</subfield>
   <subfield code="m">BOOK</subfield>
   <subfield code="q">Knihovna Žižkov - sklad</subfield>
   <subfield code="t">na 1 měsíc</subfield>
   <subfield code="u">UEP01</subfield>
   <subfield code="w">20190328</subfield>
  </datafield>
  <datafield tag="996" ind1=" " ind2=" ">
   <subfield code="1">PSKLA</subfield>
   <subfield code="3">F229098g</subfield>
   <subfield code="4">N:P</subfield>
   <subfield code="5">3142325385</subfield>
   <subfield code="7">2018</subfield>
   <subfield code="8">20190327</subfield>
   <subfield code="9">336.2VAN</subfield>
   <subfield code="a">2018</subfield>
   <subfield code="b">2018</subfield>
   <subfield code="f">81</subfield>
   <subfield code="g">50711</subfield>
   <subfield code="h">2018</subfield>
   <subfield code="l">UEP01</subfield>
   <subfield code="m">BOOK</subfield>
   <subfield code="q">Knihovna Žižkov - sklad</subfield>
   <subfield code="t">na 1 měsíc</subfield>
   <subfield code="u">UEP01</subfield>
   <subfield code="w">20190328</subfield>
  </datafield>
  <datafield tag="996" ind1=" " ind2=" ">
   <subfield code="1">PSKLA</subfield>
   <subfield code="3">F229098h</subfield>
   <subfield code="4">N:P</subfield>
   <subfield code="5">3142325386</subfield>
   <subfield code="7">2018</subfield>
   <subfield code="8">20190327</subfield>
   <subfield code="9">336.2VAN</subfield>
   <subfield code="a">2018</subfield>
   <subfield code="b">2018</subfield>
   <subfield code="f">81</subfield>
   <subfield code="g">50711</subfield>
   <subfield code="h">2018</subfield>
   <subfield code="l">UEP01</subfield>
   <subfield code="m">BOOK</subfield>
   <subfield code="q">Knihovna Žižkov - sklad</subfield>
   <subfield code="t">na 1 měsíc</subfield>
   <subfield code="u">UEP01</subfield>
   <subfield code="w">20190328</subfield>
  </datafield>
  <datafield tag="996" ind1=" " ind2=" ">
   <subfield code="1">PSKLA</subfield>
   <subfield code="3">F231753a</subfield>
   <subfield code="4">N:P</subfield>
   <subfield code="5">3142344182</subfield>
   <subfield code="7">2020</subfield>
   <subfield code="8">20201008</subfield>
   <subfield code="9">336.2VAN</subfield>
   <subfield code="a">2020</subfield>
   <subfield code="b">2020</subfield>
   <subfield code="f">81</subfield>
   <subfield code="h">2020</subfield>
   <subfield code="l">UEP01</subfield>
   <subfield code="m">BOOK</subfield>
   <subfield code="q">Knihovna Žižkov - sklad</subfield>
   <subfield code="t">na 1 měsíc</subfield>
   <subfield code="u">UEP01</subfield>
   <subfield code="w">20201008</subfield>
  </datafield>
  <datafield tag="996" ind1=" " ind2=" ">
   <subfield code="1">PSKLA</subfield>
   <subfield code="3">F231753b</subfield>
   <subfield code="4">N:P</subfield>
   <subfield code="5">3142344183</subfield>
   <subfield code="7">2020</subfield>
   <subfield code="8">20201008</subfield>
   <subfield code="9">336.2VAN</subfield>
   <subfield code="a">2020</subfield>
   <subfield code="b">2020</subfield>
   <subfield code="f">81</subfield>
   <subfield code="h">2020</subfield>
   <subfield code="l">UEP01</subfield>
   <subfield code="m">BOOK</subfield>
   <subfield code="q">Knihovna Žižkov - sklad</subfield>
   <subfield code="t">na 1 měsíc</subfield>
   <subfield code="u">UEP01</subfield>
   <subfield code="w">20201008</subfield>
  </datafield>
  <datafield tag="996" ind1=" " ind2=" ">
   <subfield code="1">PSKLA</subfield>
   <subfield code="3">F231753c</subfield>
   <subfield code="4">N:P</subfield>
   <subfield code="5">3142344184</subfield>
   <subfield code="7">2020</subfield>
   <subfield code="8">20201008</subfield>
   <subfield code="9">336.2VAN</subfield>
   <subfield code="a">2020</subfield>
   <subfield code="b">2020</subfield>
   <subfield code="f">81</subfield>
   <subfield code="h">2020</subfield>
   <subfield code="l">UEP01</subfield>
   <subfield code="m">BOOK</subfield>
   <subfield code="q">Knihovna Žižkov - sklad</subfield>
   <subfield code="t">na 1 měsíc</subfield>
   <subfield code="u">UEP01</subfield>
   <subfield code="w">20201008</subfield>
  </datafield>
  <datafield tag="996" ind1=" " ind2=" ">
   <subfield code="1">PSKLA</subfield>
   <subfield code="3">F231753f</subfield>
   <subfield code="4">N:P</subfield>
   <subfield code="5">3142346305</subfield>
   <subfield code="7">2020</subfield>
   <subfield code="8">20201015</subfield>
   <subfield code="9">336.2VAN</subfield>
   <subfield code="a">2020</subfield>
   <subfield code="b">2020</subfield>
   <subfield code="f">81</subfield>
   <subfield code="g">54205</subfield>
   <subfield code="h">2020</subfield>
   <subfield code="l">UEP01</subfield>
   <subfield code="m">BOOK</subfield>
   <subfield code="q">Knihovna Žižkov - sklad</subfield>
   <subfield code="t">na 1 měsíc</subfield>
   <subfield code="u">UEP01</subfield>
   <subfield code="w">20201019</subfield>
  </datafield>
  <datafield tag="996" ind1=" " ind2=" ">
   <subfield code="1">PSKLA</subfield>
   <subfield code="3">F231753g</subfield>
   <subfield code="4">N:P</subfield>
   <subfield code="5">3142346306</subfield>
   <subfield code="7">2020</subfield>
   <subfield code="8">20201015</subfield>
   <subfield code="9">336.2VAN</subfield>
   <subfield code="a">2020</subfield>
   <subfield code="b">2020</subfield>
   <subfield code="f">81</subfield>
   <subfield code="g">54205</subfield>
   <subfield code="h">2020</subfield>
   <subfield code="l">UEP01</subfield>
   <subfield code="m">BOOK</subfield>
   <subfield code="q">Knihovna Žižkov - sklad</subfield>
   <subfield code="t">na 1 měsíc</subfield>
   <subfield code="u">UEP01</subfield>
   <subfield code="w">20201019</subfield>
  </datafield>
  <datafield tag="996" ind1=" " ind2=" ">
   <subfield code="1">PSKLA</subfield>
   <subfield code="3">F231753h</subfield>
   <subfield code="4">N:P</subfield>
   <subfield code="5">3142346307</subfield>
   <subfield code="7">2020</subfield>
   <subfield code="8">20201015</subfield>
   <subfield code="9">336.2VAN</subfield>
   <subfield code="a">2020</subfield>
   <subfield code="b">2020</subfield>
   <subfield code="f">81</subfield>
   <subfield code="g">54205</subfield>
   <subfield code="h">2020</subfield>
   <subfield code="l">UEP01</subfield>
   <subfield code="m">BOOK</subfield>
   <subfield code="q">Knihovna Žižkov - sklad</subfield>
   <subfield code="s">politá kávou</subfield>
   <subfield code="t">na 1 měsíc</subfield>
   <subfield code="u">UEP01</subfield>
   <subfield code="w">20201019</subfield>
  </datafield>
  <datafield tag="996" ind1=" " ind2=" ">
   <subfield code="1">PSKLA</subfield>
   <subfield code="3">F231753i</subfield>
   <subfield code="4">N:P</subfield>
   <subfield code="5">3142350635</subfield>
   <subfield code="7">2020</subfield>
   <subfield code="8">20210524</subfield>
   <subfield code="9">336.2VAN</subfield>
   <subfield code="a">2020</subfield>
   <subfield code="b">2020</subfield>
   <subfield code="f">81</subfield>
   <subfield code="g">55776</subfield>
   <subfield code="h">2020</subfield>
   <subfield code="l">UEP01</subfield>
   <subfield code="m">BOOK</subfield>
   <subfield code="q">Knihovna Žižkov - sklad</subfield>
   <subfield code="t">na 1 měsíc</subfield>
   <subfield code="u">UEP01</subfield>
   <subfield code="w">20210525</subfield>
  </datafield>
  <datafield tag="996" ind1=" " ind2=" ">
   <subfield code="1">PSTUD</subfield>
   <subfield code="3">F185075d</subfield>
   <subfield code="5">3142150989</subfield>
   <subfield code="7">2002</subfield>
   <subfield code="8">20030807</subfield>
   <subfield code="9">336.2VAN</subfield>
   <subfield code="a">2002</subfield>
   <subfield code="b">2002</subfield>
   <subfield code="f">85</subfield>
   <subfield code="h">2002</subfield>
   <subfield code="l">UEP01</subfield>
   <subfield code="m">BOOK</subfield>
   <subfield code="p">MI</subfield>
   <subfield code="q">Studovna Žižkov</subfield>
   <subfield code="t">prezenční</subfield>
   <subfield code="u">UEP01</subfield>
   <subfield code="v">Ztráta</subfield>
   <subfield code="w">20040908</subfield>
  </datafield>
  <datafield tag="996" ind1=" " ind2=" ">
   <subfield code="1">PSTUD</subfield>
   <subfield code="3">F185075f</subfield>
   <subfield code="5">3142150991</subfield>
   <subfield code="7">2002</subfield>
   <subfield code="8">20030807</subfield>
   <subfield code="9">336.2VAN</subfield>
   <subfield code="a">2002</subfield>
   <subfield code="b">2002</subfield>
   <subfield code="f">85</subfield>
   <subfield code="h">2002</subfield>
   <subfield code="l">UEP01</subfield>
   <subfield code="m">BOOK</subfield>
   <subfield code="p">MI</subfield>
   <subfield code="q">Studovna Žižkov</subfield>
   <subfield code="t">prezenční</subfield>
   <subfield code="u">UEP01</subfield>
   <subfield code="v">Ztráta</subfield>
   <subfield code="w">20040908</subfield>
  </datafield>
  <datafield tag="996" ind1=" " ind2=" ">
   <subfield code="1">PSTUD</subfield>
   <subfield code="3">F229098</subfield>
   <subfield code="4">N:P</subfield>
   <subfield code="5">3142325378</subfield>
   <subfield code="7">2018</subfield>
   <subfield code="8">20190327</subfield>
   <subfield code="9">336.2VAN</subfield>
   <subfield code="a">2018</subfield>
   <subfield code="b">2018</subfield>
   <subfield code="f">81</subfield>
   <subfield code="g">50711</subfield>
   <subfield code="h">2018</subfield>
   <subfield code="l">UEP01</subfield>
   <subfield code="m">BOOK</subfield>
   <subfield code="q">Studovna Žižkov</subfield>
   <subfield code="t">na 1 měsíc</subfield>
   <subfield code="u">UEP01</subfield>
   <subfield code="w">20190328</subfield>
  </datafield>
  <datafield tag="996" ind1=" " ind2=" ">
   <subfield code="1">PSTUD</subfield>
   <subfield code="3">F229098a</subfield>
   <subfield code="4">N:P</subfield>
   <subfield code="5">3142325379</subfield>
   <subfield code="7">2018</subfield>
   <subfield code="8">20190327</subfield>
   <subfield code="9">336.2VAN</subfield>
   <subfield code="a">2018</subfield>
   <subfield code="b">2018</subfield>
   <subfield code="f">85</subfield>
   <subfield code="g">50711</subfield>
   <subfield code="h">2018</subfield>
   <subfield code="l">UEP01</subfield>
   <subfield code="m">BOOK</subfield>
   <subfield code="p">MI</subfield>
   <subfield code="q">Studovna Žižkov</subfield>
   <subfield code="t">prezenční</subfield>
   <subfield code="u">UEP01</subfield>
   <subfield code="v">Ztráta</subfield>
   <subfield code="w">20190328</subfield>
  </datafield>
  <datafield tag="996" ind1=" " ind2=" ">
   <subfield code="1">PSTUD</subfield>
   <subfield code="3">F231753</subfield>
   <subfield code="4">N:P</subfield>
   <subfield code="5">3142344181</subfield>
   <subfield code="7">2020</subfield>
   <subfield code="8">20201008</subfield>
   <subfield code="9">336.2VAN</subfield>
   <subfield code="a">2020</subfield>
   <subfield code="b">2020</subfield>
   <subfield code="f">85</subfield>
   <subfield code="h">2020</subfield>
   <subfield code="l">UEP01</subfield>
   <subfield code="m">BOOK</subfield>
   <subfield code="q">Studovna Žižkov</subfield>
   <subfield code="t">prezenční</subfield>
   <subfield code="u">UEP01</subfield>
   <subfield code="w">20201015</subfield>
  </datafield>
  <datafield tag="996" ind1=" " ind2=" ">
   <subfield code="1">PSTUD</subfield>
   <subfield code="3">F231753e</subfield>
   <subfield code="4">N:P</subfield>
   <subfield code="5">3142346304</subfield>
   <subfield code="7">2020</subfield>
   <subfield code="8">20201015</subfield>
   <subfield code="9">336.2VAN</subfield>
   <subfield code="a">2020</subfield>
   <subfield code="b">2020</subfield>
   <subfield code="f">81</subfield>
   <subfield code="g">54205</subfield>
   <subfield code="h">2020</subfield>
   <subfield code="l">UEP01</subfield>
   <subfield code="m">BOOK</subfield>
   <subfield code="q">Studovna Žižkov</subfield>
   <subfield code="s">politá</subfield>
   <subfield code="t">na 1 měsíc</subfield>
   <subfield code="u">UEP01</subfield>
   <subfield code="w">20201021</subfield>
  </datafield>
  <datafield tag="996" ind1=" " ind2=" ">
   <subfield code="1">PSTUD</subfield>
   <subfield code="3">F235916</subfield>
   <subfield code="4">N:P</subfield>
   <subfield code="5">3142362964</subfield>
   <subfield code="7">2022</subfield>
   <subfield code="8">20221121</subfield>
   <subfield code="9">336.2VAN</subfield>
   <subfield code="a">2022</subfield>
   <subfield code="b">2022</subfield>
   <subfield code="f">85</subfield>
   <subfield code="g">58677</subfield>
   <subfield code="h">2022</subfield>
   <subfield code="l">UEP01</subfield>
   <subfield code="m">BOOK</subfield>
   <subfield code="p">MI</subfield>
   <subfield code="q">Studovna Žižkov</subfield>
   <subfield code="t">prezenční</subfield>
   <subfield code="u">UEP01</subfield>
   <subfield code="v">Ztráta</subfield>
   <subfield code="w">20221201</subfield>
  </datafield>
  <datafield tag="996" ind1=" " ind2=" ">
   <subfield code="1">PSTUD</subfield>
   <subfield code="3">F235916a</subfield>
   <subfield code="4">N:P</subfield>
   <subfield code="5">3142362965</subfield>
   <subfield code="7">2022</subfield>
   <subfield code="8">20221122</subfield>
   <subfield code="9">336.2VAN</subfield>
   <subfield code="a">2022</subfield>
   <subfield code="b">2022</subfield>
   <subfield code="f">81</subfield>
   <subfield code="g">58677</subfield>
   <subfield code="h">2022</subfield>
   <subfield code="l">UEP01</subfield>
   <subfield code="m">BOOK</subfield>
   <subfield code="q">Studovna Žižkov</subfield>
   <subfield code="t">na 1 měsíc</subfield>
   <subfield code="u">UEP01</subfield>
   <subfield code="w">20221201</subfield>
  </datafield>
  <datafield tag="996" ind1=" " ind2=" ">
   <subfield code="1">PSTUD</subfield>
   <subfield code="3">F235916b</subfield>
   <subfield code="4">N:P</subfield>
   <subfield code="5">3142362966</subfield>
   <subfield code="7">2022</subfield>
   <subfield code="8">20221122</subfield>
   <subfield code="9">336.2VAN</subfield>
   <subfield code="a">2022</subfield>
   <subfield code="b">2022</subfield>
   <subfield code="f">81</subfield>
   <subfield code="g">58677</subfield>
   <subfield code="h">2022</subfield>
   <subfield code="l">UEP01</subfield>
   <subfield code="m">BOOK</subfield>
   <subfield code="q">Studovna Žižkov</subfield>
   <subfield code="t">na 1 měsíc</subfield>
   <subfield code="u">UEP01</subfield>
   <subfield code="w">20221122</subfield>
  </datafield>
  <datafield tag="996" ind1=" " ind2=" ">
   <subfield code="1">PSTUD</subfield>
   <subfield code="3">F235916c</subfield>
   <subfield code="4">N:P</subfield>
   <subfield code="5">3142362967</subfield>
   <subfield code="7">2022</subfield>
   <subfield code="8">20221122</subfield>
   <subfield code="9">336.2VAN</subfield>
   <subfield code="a">2022</subfield>
   <subfield code="b">2022</subfield>
   <subfield code="f">81</subfield>
   <subfield code="g">58677</subfield>
   <subfield code="h">2022</subfield>
   <subfield code="l">UEP01</subfield>
   <subfield code="m">BOOK</subfield>
   <subfield code="q">Studovna Žižkov</subfield>
   <subfield code="t">na 1 měsíc</subfield>
   <subfield code="u">UEP01</subfield>
   <subfield code="w">20221122</subfield>
  </datafield>
  <datafield tag="996" ind1=" " ind2=" ">
   <subfield code="1">PSTUD</subfield>
   <subfield code="3">F235916d</subfield>
   <subfield code="4">N:P</subfield>
   <subfield code="5">3142362968</subfield>
   <subfield code="7">2022</subfield>
   <subfield code="8">20221122</subfield>
   <subfield code="9">336.2VAN</subfield>
   <subfield code="a">2022</subfield>
   <subfield code="b">2022</subfield>
   <subfield code="f">81</subfield>
   <subfield code="g">58677</subfield>
   <subfield code="h">2022</subfield>
   <subfield code="l">UEP01</subfield>
   <subfield code="m">BOOK</subfield>
   <subfield code="q">Studovna Žižkov</subfield>
   <subfield code="t">na 1 měsíc</subfield>
   <subfield code="u">UEP01</subfield>
   <subfield code="w">20221122</subfield>
  </datafield>
  <datafield tag="996" ind1=" " ind2=" ">
   <subfield code="1">PSTUD</subfield>
   <subfield code="3">F235916e</subfield>
   <subfield code="4">N:P</subfield>
   <subfield code="5">3142362969</subfield>
   <subfield code="7">2022</subfield>
   <subfield code="8">20221122</subfield>
   <subfield code="9">336.2VAN</subfield>
   <subfield code="a">2022</subfield>
   <subfield code="b">2022</subfield>
   <subfield code="f">81</subfield>
   <subfield code="g">58677</subfield>
   <subfield code="h">2022</subfield>
   <subfield code="l">UEP01</subfield>
   <subfield code="m">BOOK</subfield>
   <subfield code="q">Studovna Žižkov</subfield>
   <subfield code="t">na 1 měsíc</subfield>
   <subfield code="u">UEP01</subfield>
   <subfield code="w">20221122</subfield>
  </datafield>
  <datafield tag="996" ind1=" " ind2=" ">
   <subfield code="1">PSTUD</subfield>
   <subfield code="3">F235916f</subfield>
   <subfield code="4">N:P</subfield>
   <subfield code="5">3142362970</subfield>
   <subfield code="7">2022</subfield>
   <subfield code="8">20221122</subfield>
   <subfield code="9">336.2VAN</subfield>
   <subfield code="a">2022</subfield>
   <subfield code="b">2022</subfield>
   <subfield code="f">81</subfield>
   <subfield code="g">58677</subfield>
   <subfield code="h">2022</subfield>
   <subfield code="l">UEP01</subfield>
   <subfield code="m">BOOK</subfield>
   <subfield code="q">Studovna Žižkov</subfield>
   <subfield code="t">na 1 měsíc</subfield>
   <subfield code="u">UEP01</subfield>
   <subfield code="w">20221122</subfield>
  </datafield>
  <datafield tag="996" ind1=" " ind2=" ">
   <subfield code="1">PSTUD</subfield>
   <subfield code="3">F237731</subfield>
   <subfield code="4">N:P</subfield>
   <subfield code="5">3142370642</subfield>
   <subfield code="7">2024</subfield>
   <subfield code="8">20240904</subfield>
   <subfield code="9">336.2VAN</subfield>
   <subfield code="a">2024</subfield>
   <subfield code="b">2024</subfield>
   <subfield code="f">85</subfield>
   <subfield code="g">60880</subfield>
   <subfield code="h">2024</subfield>
   <subfield code="l">UEP01</subfield>
   <subfield code="m">BOOK</subfield>
   <subfield code="q">Studovna Žižkov</subfield>
   <subfield code="t">prezenční</subfield>
   <subfield code="u">UEP01</subfield>
   <subfield code="w">20240912</subfield>
  </datafield>
  <datafield tag="996" ind1=" " ind2=" ">
   <subfield code="1">PSTUD</subfield>
   <subfield code="3">F237731a</subfield>
   <subfield code="4">N:P</subfield>
   <subfield code="5">3142370643</subfield>
   <subfield code="7">2024</subfield>
   <subfield code="8">20240904</subfield>
   <subfield code="9">336.2VAN</subfield>
   <subfield code="a">2024</subfield>
   <subfield code="b">2024</subfield>
   <subfield code="f">81</subfield>
   <subfield code="g">60880</subfield>
   <subfield code="h">2024</subfield>
   <subfield code="l">UEP01</subfield>
   <subfield code="m">BOOK</subfield>
   <subfield code="q">Studovna Žižkov</subfield>
   <subfield code="t">na 1 měsíc</subfield>
   <subfield code="u">UEP01</subfield>
   <subfield code="w">20240912</subfield>
  </datafield>
  <datafield tag="996" ind1=" " ind2=" ">
   <subfield code="1">PSTUD</subfield>
   <subfield code="3">F237731b</subfield>
   <subfield code="4">N:P</subfield>
   <subfield code="5">3142370644</subfield>
   <subfield code="7">2024</subfield>
   <subfield code="8">20240904</subfield>
   <subfield code="9">336.2VAN</subfield>
   <subfield code="a">2024</subfield>
   <subfield code="b">2024</subfield>
   <subfield code="f">81</subfield>
   <subfield code="g">60880</subfield>
   <subfield code="h">2024</subfield>
   <subfield code="l">UEP01</subfield>
   <subfield code="m">BOOK</subfield>
   <subfield code="q">Studovna Žižkov</subfield>
   <subfield code="t">na 1 měsíc</subfield>
   <subfield code="u">UEP01</subfield>
   <subfield code="w">20240912</subfield>
  </datafield>
  <datafield tag="996" ind1=" " ind2=" ">
   <subfield code="1">PSTUD</subfield>
   <subfield code="3">F237731c</subfield>
   <subfield code="4">N:P</subfield>
   <subfield code="5">3142370645</subfield>
   <subfield code="7">2024</subfield>
   <subfield code="8">20240904</subfield>
   <subfield code="9">336.2VAN</subfield>
   <subfield code="a">2024</subfield>
   <subfield code="b">2024</subfield>
   <subfield code="f">81</subfield>
   <subfield code="g">60880</subfield>
   <subfield code="h">2024</subfield>
   <subfield code="l">UEP01</subfield>
   <subfield code="m">BOOK</subfield>
   <subfield code="q">Studovna Žižkov</subfield>
   <subfield code="t">na 1 měsíc</subfield>
   <subfield code="u">UEP01</subfield>
   <subfield code="w">20240912</subfield>
  </datafield>
 </record>
</collection>
